Every Mario Enemy & Boss (3000+) - Statistics

General Stats
  • This quiz has been taken 38 times
  • The average score is 131 of 3158
Answer Stats
First Appearance Enemy % Correct
Super Mario Bros. Bowser
92%
Paper Mario Bowser???
92%
Donkey Kong Donkey Kong
92%
Super Mario Sunshine Bowser Jr.
83%
Super Mario Bros. Goomba
83%
Super Mario Bros. Koopa Troopa
83%
Donkey Kong Jr. Mario
83%
Super Mario Bros. Cheep Cheep
75%
Donkey Kong Fire
67%
Luigi's Mansion 3 Hammer
67%
Super Mario Bros. Hammer Bro
67%
Super Mario Bros. Lakitu
67%
Super Mario Bros. 3 Boo
58%
Super Mario Bros. Bullet Bill
58%
Super Mario Bros. 3 Dry Bones
58%
Super Mario Bros. 3 Thwomp
58%
Donkey Kong Jr. | Wario Land II Bird
50%
Wario Land II | Wario Land: Super Mario Land 3 Bobo
50%
Super Mario Bros. 2 Bob-omb
50%
Super Mario Bros. 3 Chain Chomp
50%
New Super Mario Bros. Dry Bowser
50%
Luigi's Mansion King Boo
50%
Donkey Kong Country King K. Rool
50%
Donkey Kong Country 2: Diddy's Kong Quest | Super Mario Bros. Spiny
50%
Super Mario Land 2: Six Golden Coins Wario
50%
Super Mario World 2: Yoshi's Island Baby Bowser
42%
Super Mario Land 2: Six Golden Coins Bear
42%
Donkey Kong Jungle Beat | Wario Land II | Yoshi Story Bee
42%
Super Mario Bros. 2 Birdo
42%
Virtual Boy Wario Land Bomb
42%
Donkey Kong Country 3: Dixie Kong's Double Trouble Buzz
42%
Super Mario Bros. 3 Fire Bro
42%
DK: King Of Swing | Donkey Kong 64 | Wario Land 4 | +3 others Ghost
42%
Super Mario World 2: Yoshi's Island Kamek
42%
Super Mario 64 King Bob-omb
42%
Super Mario Bros. 3 Ludwig
42%
Super Mario World Magikoopa
42%
Super Mario World Monty Mole
42%
Wario Land 4 Pin
42%
Super Mario Bros. Piranha Plant
42%
Super Mario Bros. 3 Roy
42%
Super Mario Bros. 2 Shy Guy
42%
Super Mario Land 2: Six Golden Coins Ant
33%
Paper Mario: Colour Splash Big Bob-omb
33%
Super Mario World Big Boo
33%
Super Mario Bros. Blooper
33%
Donkey Kong Country: Tropical Freeze Buzzy
33%
Super Mario Bros. Buzzy Beetle
33%
Mario Party 9 Diddy Kong
33%
Yoshi Story Frog
33%
New Super Mario Bros. 2 Gold Goomba
33%
Super Mario Bros. 3 Iggy
33%
Super Mario Bros. 3 Larry
33%
Super Mario Bros. 3 Lemmy
33%
Super Mario 3D World Meowser
33%
Super Mario Bros. 3 Morton
33%
Luigi's Mansion 3 Mouse
33%
Super Mario Bros. 2 Mouser
33%
Super Mario Bros. 3 Paragoomba
33%
Mario Kart 64 | Wario Land II | Wario Land: Super Mario Land 3 Penguin
33%
Super Mario Sunshine Petey Piranha
33%
Super Mario Bros. Red Koopa Troopa
33%
Super Mario RPG: The Legend of the Seven Stars Shadow
33%
Super Mario Land 2: Six Golden Coins Shark
33%
Super Mario Bros. 3 | Yoshi Story Spike
33%
Wario Land 4 Spiky
33%
Wario World Turtle
33%
Super Mario Bros. 2 Wart
33%
Super Mario Bros. 3 Wendy
33%
Super Mario 64 Whomp
33%
Super Mario World Wiggler
33%
Wario World Wolf
33%
Luigi's Mansion 3 | Mario Kart 64 | Super Mario Galaxy Bat
25%
Super Mario Bros. 3 Boom Boom
25%
Super Mario RPG: The Legend of the Seven Stars Boomer
25%
Super Mario Bros. 3 Boomerang Bro
25%
Super Mario 3D World Cat Goomba
25%
Super Mario 3D World + Bowser's Fury Cat Koopa Troopa
25%
Wario Land II Cook
25%
Super Paper Mario Dark Peach
25%
Paper Mario: The Thousand Year Door Doopliss
25%
Wario's Woods Drago
25%
Super Mario Bros. 3 Fire Piranha Plant
25%
Super Mario World Galoomba
25%
Paper Mario General Guy
25%
Luigi's Mansion 3 Goob
25%
Super Mario Sunshine Gooper Blooper
25%
Paper Mario: The Thousand Year Door Gus
25%
Super Mario Odyssey Hariet
25%
Donkey Kong (Game Boy) | Wario World Hawk
25%
Paper Mario Hyper Goomba
25%
Paper Mario Kammy Koopa
25%
Super Mario Bros. Lava Bubble
25%
Paper Mario: The Thousand Year Door Macho Grubba
25%
Wario's Woods Mad
25%
Super Mario Odyssey Madame Broode
25%
Super Mario Bros. 3 Nipper Plant
25%
Wario Land 3 Octo
25%
Super Mario Bros. 2 Pokey
25%
Wario World Polar Bear
25%
Super Mario Odyssey Rango
25%
Donkey Kong Country Returns Rawk
25%
Paper Mario: The Thousand Year Door Rawk Hawk
25%
Super Mario Bros. 3 Rocky Wrench
25%
Super Mario Sunshine Shadow Mario
25%
Super Mario Odyssey Spewart
25%
Super Mario Strikers Super
25%
Super Mario World Swoop
25%
Mario & Luigi: Brothership Ten
25%
Paper Mario The Master
25%
Super Mario Odyssey Topper
25%
Mario Kart World | Super Mario Odyssey T-Rex
25%
Paper Mario Tubba Blubba
25%
Wario Land II Zombie
25%
Super Mario Bros. 3 Angry Sun
17%
Mario & Luigi: Dream Team Antasma
17%
Super Mario World 2: Yoshi's Island Bandit
17%
Super Mario Galaxy Baron Brr
17%
Mario & Luigi: Superstar Saga | Yoshi's New Island Beanie
17%
Super Mario 3D Land Biddybud
17%
Super Mario Bros. 3 Big Bertha
17%
New Super Mario Bros. 2 Big Bone Piranha Plant
17%
Paper Mario: Sticker Star Big Buzzy Beetle
17%
Super Mario Bros. 3 Big Koopa Troopa
17%
New Super Mario Bros. Big Thwomp
17%
Paper Mario: Colour Splash Black Bowser
17%
Donkey Kong 64 Block
17%
Super Mario Bros. 3 Blooper Nanny
17%
Paper Mario Blue Goomba
17%
Super Mario Galaxy Bomb Boo
17%
New Super Mario Bros. 2 Bone Goomba
17%
New Super Mario Bros. 2 Bone Piranha Plant
17%
Super Mario RPG: The Legend of the Seven Stars Booster
17%
Super Mario Galaxy Bouldergeist
17%
Super Mario RPG: The Legend of the Seven Stars Bowyer
17%
Super Paper Mario Brobot
17%
New Super Mario Bros. Broozer
17%
Super Mario Galaxy Bugaboom
17%
Mario & Luigi: Partners in Time | Super Mario 64 Bully
17%
Super Mario Sunshine Cataquack
17%
Super Mario 3D World + Bowser's Fury Cat Magikoopa
17%
Super Mario 3D World + Bowser's Fury Cat Spike
17%
Paper Mario Chan
17%
Donkey Kong Country Returns Chomp
17%
Yoshi Story Clam
17%
Paper Mario Clubba
17%
Super Mario 3D Land Coin Coffer
17%
Super Mario Odyssey Cookatiel
17%
Paper Mario: The Thousand Year Door Cortez
17%
Mario Kart 64 Cow
17%
Super Mario RPG: The Legend of the Seven Stars Croco
17%
Mario & Luigi: Bowser's Inside Story | Super Paper Mario Dark Bowser
17%
Super Paper Mario Dark Goomba
17%
Paper Mario | Super Paper Mario Dark Koopa
17%
Paper Mario: The Thousand Year Door | Super Paper Mario Dark Koopatrol
17%
Super Paper Mario Dark Luigi
17%
Super Paper Mario Dark Pigarithm
17%
Paper Mario: The Thousand Year Door Dark Puff
17%
Super Paper Mario Dark Striker
17%
New Super Mario Bros. Deep-Cheep
17%
Super Mario Galaxy 2 Digga
17%
Super Mario Galaxy 2 Digga-Leg
17%
Super Paper Mario Dimentio
17%
Super Mario Galaxy Dino Piranha
17%
Mario & Luigi: Dream Team Dreamy Bowser
17%
Mario & Luigi: Dream Team Dreamy Goomba
17%
Mario & Luigi: Dream Team Dreamy Shy Guy
17%
Paper Mario Duplighost
17%
Paper Mario Electro Blooper
17%
Mario Kart World | Wario World Elephant
17%
Super Mario 64 Eyerok
17%
Super Mario Bros. Fake Bowser
17%
Donkey Kong Fireball
17%
Super Mario World Fishin' Lakitu
17%
Donkey Kong 64 | Wario Land II Flame
17%
Donkey Kong 64 | Super Mario Land Fly
17%
Super Mario World 2: Yoshi's Island Fly Guy
17%
Paper Mario Frost Piranha
17%
Super Mario 3D World + Bowser's Fury Fury Bowser
17%
Mario + Rabbids: Sparks of Hope Giant Goomba
17%
Super Mario Galaxy 2 Glamdozer
17%
Paper Mario Gloomba
17%
Super Mario Galaxy 2 Gobblegut
17%
Super Mario Sunshine Gold Bullet Bill
17%
New Super Mario Bros. 2 Gold Koopa Troopa
17%
Super Mario Land Goombo
17%
Super Paper Mario Hogarithm
17%
Super Princess Peach Hoo
17%
Super Mario Bros. Wonder Hoppo
17%
Paper Mario Huff N. Puff
17%
New Super Mario Bros. Wii Ice Bro
17%
Paper Mario: The Thousand Year Door Ice Puff
17%
Super Mario RPG: The Legend of the Seven Stars Johnny
17%
Paper Mario Jr. Troopa
17%
Super Mario Galaxy Kamella
17%
Donkey Kong Country 2: Diddy's Kong Quest Kannon
17%
New Super Mario Bros. Wii King Bill
17%
Super Mario Galaxy Kingfin
17%
Super Mario Galaxy King Kaliente
17%
Super Mario Galaxy 2 King Lakitu
17%
Paper Mario Koopa Bros.
17%
Super Mario Bros. Koopa Paratroopa
17%
Super Paper Mario Koopa Striker
17%
Paper Mario Koopatrol
17%
Paper Mario: The Thousand Year Door KP Koopa
17%
Paper Mario: The Thousand Year Door KP Paratroopa
17%
Donkey Kong 64 | Donkey Kong Country 3: Dixie Kong's Double Trouble Kroc
17%
Paper Mario Lakilester
17%
New Super Mario Bros. Lakithunder
17%
Paper Mario: The Thousand Year Door Lord Crump
17%
Super Mario RPG: The Legend of the Seven Stars Mack
17%
Super Mario Galaxy Major Burrows
17%
Super Mario Galaxy Mandibug
17%
Super Mario Bros. Wonder Maw-Maw
17%
Super Mario World Mechakoopa
17%
Super Mario Odyssey Mechawiggler
17%
Super Mario Bros. 3 Mega Goomba
17%
Yoshi's Crafted World Mel
17%
Super Paper Mario Mimi
17%
Super Mario Bros. 3 Mini Goomba
17%
Super Mario 64 Moneybag
17%
Super Mario 64 Mr. I
17%
Super Paper Mario Mr. L
17%
New Super Mario Bros. Mummipokey
17%
Donkey Kong Country Returns | Super Mario Bros. 3 Muncher
17%
Super Mario Bros. 2 Ninji
17%
Super Mario Galaxy Octoomba
17%
Mario & Luigi: Paper Jam Paper Bowser
17%
Mario & Luigi: Paper Jam Paper Bowser Jr.
17%
Super Mario 3D World Parabones
17%
Paper Mario Paragloomba
17%
Super Mario 3D Land Peepa
17%
Paper Mario: Colour Splash Petea Piranha
17%
Super Mario Bros. 2 Phanto
17%
Mario + Rabbids: Kingdom Battle Phantom
17%
Super Paper Mario Pigarithm
17%
Wario Land II Pogo Guy
17%
Paper Mario: The Thousand Year Door Poison Puff
17%
Mario Pinball Land | Super Mario World Porcupuffer
17%
Yoshi Story Puffer
17%
Paper Mario Putrid Piranha
17%
Wario World Ram
17%
Paper Mario Red Goomba
17%
Super Paper Mario Red I
17%
Paper Mario: The Origami King Rubber Band
17%
Paper Mario: The Thousand Year Door Shadow Queen
17%
Paper Mario: The Thousand Year Door Shady Koopa
17%
Paper Mario: Colour Splash Shady Sledge Bro
17%
Paper Mario: Sticker Star Shiny Goomba
17%
Mario & Luigi: Partners in Time Shroob
17%
Paper Mario: Colour Splash Shunned Guy
17%
Mario Bros. Sidestepper
17%
Super Mario Bros. 3 Sledge Bro
17%
New Super Mario Bros. Snow Spike
17%
Super Paper Mario Soopa Striker
17%
Luigi's Mansion 3 | Yoshi Story Spider
17%
Paper Mario Spiked Gloomba
17%
Super Mario World Spike Top
17%
Super Mario Land 2: Six Golden Coins | Super Mario RPG: The Legend of the Seven Stars Spikey
17%
Paper Mario: The Thousand Year Door Spiky Parabuzzy
17%
Paper Mario Spy Guy
17%
Mario vs Donkey Kong 2: March of the Minis Spyguy
17%
Super Mario World 2: Yoshi's Island Stilt Guy
17%
Super Mario 3D Land Stingby
17%
Super Mario World Sumo Bro
17%
Super Mario 64 Sushi
17%
Paper Mario: The Thousand Year Door Swampire
17%
Paper Mario Swoopula
17%
Super Mario 3D Land Tail Goomba
17%
Super Mario 3D Land Tail Thwomp
17%
Paper Mario: The Origami King Tape
17%
Super Mario Galaxy Tarantox
17%
Super Paper Mario The Underchomp
17%
Super Paper Mario Toopa Striker
17%
Super Mario Galaxy Topmaniac
17%
Super Mario World Torpedo Ted
17%
Paper Mario Tuff Puff
17%
Paper Mario Tutankoopa
17%
Paper Mario: The Thousand Year Door Vivian
17%
Super Mario Galaxy 2 Whimp
17%
Paper Mario White Clubba
17%
Captain Toad: Treasure Tracker Wingo
17%
Diddy Kong Racing Wizpig
17%
Super Mario World Amazing Flying Hammer Bro
8%
Paper Mario Amazy Dayzee
8%
Super Mario 64 Amp
8%
Mario & Luigi: Dream Team Antasma X
8%
Mario & Luigi: Dream Team Antasmunchie
8%
Mario & Luigi: Dream Team Antasmunchie X
8%
Paper Mario Anti Guy
8%
Super Mario 3D World Ant Trooper
8%
Paper Mario: The Thousand Year Door Arantula
8%
Donkey Kong Country Army
8%
Super Mario Odyssey Astro-Lanceur
8%
Donkey Kong Country Returns Awk
8%
Super Paper Mario Back Cursya
8%
Paper Mario: The Thousand Year Door Bald Cleft
8%
New Super Mario Bros. Balloon Boo
8%
Super Paper Mario Barribad
8%
Donkey Kong Country: Tropical Freeze Bashmaster
8%
Mario & Luigi: Superstar Saga Beanerang Bro
8%
Mario & Luigi: Bowser's Inside Story | Mario & Luigi: Dream Team Beehoss
8%
Super Mario Bros. 2 Beezo
8%
Paper Mario: The Thousand Year Door Beldam
8%
Super Mario 64 Big Bully
8%
Super Mario Bros. 3 Big Cheep Cheep
8%
Super Mario 3D Land Big Cosmic Clone
8%
New Super Mario Bros. Big Deep-Cheep
8%
Super Mario 3D World Big Galoomba
8%
Super Mario World 2: Yoshi's Island Bigger Boo
8%
Super Mario Bros. 3 Big Koopa Paratroopa
8%
Mario Party 10 Big Monty Mole
8%
Super Mario 64 Big Mr. I
8%
Super Mario Bros. 3 Big Piranha Plant
8%
Paper Mario: Sticker Star Big Scuttlebug
8%
Wario World Big Snowman
8%
Paper Mario: Colour Splash Big Spiny
8%
Super Mario 3D Land Big Tail Goomba
8%
New Super Mario Bros. Big Whomp
8%
Super Mario Galaxy Black Dino Piranha
8%
Super Mario Galaxy 2 Black Gobblegut
8%
Paper Mario: Colour Splash Black Lava Bubble
8%
Yoshi Story Black Shy Guy
8%
Super Mario World Blargg
8%
Donkey Kong Country 3: Dixie Kong's Double Trouble Bleak
8%
Super Mario World 2: Yoshi's Island Blindfold Boo
8%
Mario & Luigi: Bowser's Inside Story Blizzard Midbus
8%
Super Mario World Block Boo
8%
Super Mario 3D World Blockstepper
8%
Super Mario 3D Land Blokkablok
8%
Super Mario Bros. 3 Blooper Baby
8%
Super Paper Mario Blue Magiblot
8%
Super Mario World Blurp
8%
Paper Mario: The Thousand Year Door Bob-ulk
8%
Yoshi's Woolly World Bomb Guy
8%
Super Mario Galaxy Bonefin
8%
Donkey Kong Country Returns Bonehead Jed
8%
Paper Mario: The Thousand Year Door Bonetail
8%
Super Mario Galaxy Bone Twister
8%
Paper Mario: Sticker Star | Super Mario World Bony Beetle
8%
Super Mario World 2: Yoshi's Island Boo Balloon
8%
Super Mario World 2: Yoshi's Island Boo Guy
8%
New Super Mario Bros. 2 Boohemoth
8%
Luigi's Mansion Boolossus
8%
Mario & Luigi: Partners in Time Boom Guy
8%
Super Mario Galaxy 2 Boomsday Machine
8%
New. Super Mario Bros. U Boss Sumo Bro
8%
Donkey Kong (Game Boy) Bowbow
8%
Mario & Luigi: Superstar Saga Bowletta
8%
Super Mario RPG: The Legend of the Seven Stars Bowser Clone
8%
Mario & Luigi: Bowser's Inside Story Bowser Memory L
8%
Mario & Luigi: Bowser's Inside Story Bowser Memory M
8%
Super Mario Bros.: The Lost Levels Bowser's Brother
8%
Mario & Luigi: Bowser's Inside Story | Mario & Luigi: Dream Team Bowser X
8%
New Super Mario Bros. Wii Bramball
8%
Mario & Luigi: Bowser's Inside Story Broggy
8%
Super Mario Odyssey Broode's Chain Chomp
8%
Mario & Luigi: Bowser's Inside Story Broque Monsieur
8%
Super Mario 64 Bub
8%
Paper Mario: The Thousand Year Door Bulky Bob-omb
8%
Super Mario Bros. Wonder Bulrush
8%
Super Mario World 2: Yoshi's Island Burt
8%
Super Mario World 2: Yoshi's Island Burt the Bashful
8%
Donkey Kong 3 Butterfly
8%
Super Mario RPG: The Legend of the Seven Stars Cake
8%
Super Princess Peach Calm Amazin' Flyin' Hammer Bro
8%
Super Princess Peach Calm Chain Chomp
8%
Mario Kart World Camel
8%
Super Mario Bros. Wonder Castle Bowser
8%
Super Mario 3D World Cat Banzai Bill
8%
Super Mario 3D World + Bowser's Fury Cat Biddybud
8%
Super Mario 3D World + Bowser's Fury Cat Blockstepper
8%
Super Mario 3D World + Bowser's Fury Cat Bob-omb
8%
Super Mario 3D World + Bowser's Fury Cat Boom Boom
8%
Super Mario 3D World Cat Bullet Bill
8%
Super Mario 3D World + Bowser's Fury Cat Cheep Cheep
8%
Super Mario 3D World + Bowser's Fury Cat Coin Coffer
8%
Super Mario 3D World + Bowser's Fury Cat Conkdor
8%
Super Mario 3D World + Bowser's Fury Cat Fire Bro
8%
Super Mario 3D World + Bowser's Fury Cat Hammer Bro
8%
Super Mario 3D World + Bowser's Fury Cat Para-Biddybud
8%
Super Mario 3D World + Bowser's Fury Cat Rammerhead
8%
Super Mario Sunshine Chain Chomplet
8%
Super Mario RPG: The Legend of the Seven Stars Chained Kong
8%
Donkey Kong Country Returns Char-Char
8%
Super Mario World Chargin' Chuck
8%
Super Mario 64 Cheep Chomp
8%
New Super Mario Bros. Cheepskipper
8%
Donkey Kong Country Chomps
8%
Donkey Kong Country Chomps Jr.
8%
Mario & Luigi: Bowser's Inside Story Choomba
8%
Super Mario 64 Chuckya
8%
Super Mario Bros. 2 Clawgrip
8%
Paper Mario Cleft
8%
Super Mario RPG: The Legend of the Seven Stars Clerk
8%
Super Mario World Climbing Koopa
8%
Paper Mario: Sticker Star Clip Guy
8%
Wario World Clown
8%
Super Mario Galaxy Cluckboom
8%
Super Mario RPG: The Legend of the Seven Stars Cluster
8%
Paper Mario: The Origami King Coloured Pencils
8%
Super Mario 3D World Conkdor
8%
New Super Mario Bros. Wii Cooligan
8%
Mario & Luigi: Dream Team Corporal Paraplonk
8%
Mario & Luigi: Dream Team Corporal Paraplonk X
8%
Super Mario Galaxy 2 Cosmic Clone
8%
Super Paper Mario Count Bleck
8%
Mario Kart 64 Crab
8%
Mario Kart World Crocodile
8%
Luigi's Mansion 3 Crow
8%
New Super Mario Bros. Crowber
8%
Paper Mario Crystal Bit
8%
Paper Mario Crystal King
8%
Super Mario RPG: The Legend of the Seven Stars Culex
8%
Super Paper Mario Cursya
8%
Paper Mario: The Thousand Year Door Dark Boo
8%
Super Paper Mario Dark Cherbil
8%
Super Paper Mario Dark Cleft
8%
Super Paper Mario Dark Clubba
8%
Paper Mario: The Thousand Year Door Dark Craw
8%
Super Paper Mario Dark Cursya
8%
Super Paper Mario Dark Dark Boo
8%
Super Paper Mario Dark Dayzee
8%
Super Paper Mario Dark Heavy Cursya
8%
Paper Mario: The Thousand Year Door Dark Lakitu
8%
Super Paper Mario Dark Longator
8%
Super Paper Mario Dark Magiblot
8%
Super Paper Mario Dark Mario
8%
Super Paper Mario Dark Megabite
8%
Paper Mario: The Thousand Year Door | Super Paper Mario Dark Paratroopa
8%
Super Paper Mario Dark Pokey
8%
Super Paper Mario Dark Reversya Cursya
8%
Super Paper Mario Dark Skellobit
8%
Super Paper Mario Dark Spania
8%
Super Paper Mario Dark Spiked Goomba
8%
Super Paper Mario Dark Spike Top
8%
Super Paper Mario Dark Spiky Skellobit
8%
Super Paper Mario Dark Spiny
8%
Super Paper Mario Dark Stone Buzzy
8%
Super Paper Mario Dark Tech Cursya
8%
Super Paper Mario Dark Tileoid
8%
Paper Mario: The Thousand Year Door Dark Wizzerd
8%
Wario: Master Of Disguise Dave
8%
Super Mario World Dino Rhino
8%
Super Mario World Dino Torch
8%
Super Mario RPG: The Legend of the Seven Stars Dodo
8%
Mario & Luigi: Brothership Doom Bloom
8%
Mario & Luigi: Superstar Saga Dragohoho
8%
Super Mario Land Dragonzamasu
8%
Donkey Kong Jungle Beat Dread Kong
8%
Mario & Luigi: Dream Team Dreamy Bob-omb
8%
Mario & Luigi: Dream Team Dreamy Mario
8%
Mario & Luigi: Dream Team Dreamy Paratroopa
8%
Wario Land II Drill
8%
Donkey Kong Country Dumb Drum
8%
Super Paper Mario Eeligon
8%
Super Mario Sunshine Eely-Mouth
8%
Donkey Kong Country Returns Electroid
8%
Super Mario Sunshine Electro Koopa
8%
Mario & Luigi: Superstar Saga Elite Gritty Goomba
8%
Super Mario Galaxy 2 Elite Octoomba
8%
Paper Mario: The Thousand Year Door Elite Wizzerd
8%
Paper Mario: The Thousand Year Door Elite X-Naut
8%
Paper Mario Ember
8%
Super Mario RPG: The Legend of the Seven Stars Enigma
8%
Super Mario RPG: The Legend of the Seven Stars Exor
8%
Mario & Luigi: Brothership Extension Corps
8%
Super Mario World 2: Yoshi's Island Fat Guy
8%
Mario & Luigi: Superstar Saga Fawful
8%
Mario Bros. Fighter Fly
8%
Donkey Kong Country Returns Firehead Ned
8%
Super Mario Bros. 3 Fire Snake
8%
Super Mario World Fish Bones
8%
Super Mario World Fishin' Boo
8%
Super Mario Bros. 3 Flame Chomp
8%
Donkey Kong Land Flapper
8%
Super Mario Galaxy 2 Flaptack
8%
Super Paper Mario Floro Cragnien
8%
Super Paper Mario Floro Sapien
8%
Paper Mario: The Thousand Year Door Flower Fuzzy
8%
Donkey Kong Country: Tropical Freeze Fluff
8%
Super Mario World 2: Yoshi's Island Flutter
8%
Mario & Luigi: Dream Team Fly Guy R
8%
Wrecking Crew Foreman Spike
8%
Super Paper Mario Foton
8%
Super Paper Mario Fracktail
8%
Super Paper Mario Francis
8%
Mario Bros. Freezie
8%
Super Mario World 2: Yoshi's Island Froggy
8%
Super Mario Bros. 2 Fryguy
8%
Wario's Woods Fuzz
8%
Paper Mario Fuzzipede
8%
Super Mario RPG: The Legend of the Seven Stars Geno Clone
8%
Luigi's Mansion Ghost Guy
8%
Super Paper Mario Ghoul Shroom
8%
Super Paper Mario Gigabite
8%
Mario Kart World Giraffe
8%
Mario & Luigi: Brothership Glohm Bowser
8%
Mario & Luigi: Brothership Glohm Fire Bro
8%
Mario & Luigi: Brothership Glohm Gobblick
8%
Mario & Luigi: Brothership Glohm Goomba
8%
Mario & Luigi: Brothership Glohm Gorumbla
8%
Mario & Luigi: Brothership Glohm Hydro Seedle
8%
Mario & Luigi: Brothership Glohm Ice Bro
8%
Mario & Luigi: Brothership Glohm Koopa Paratroopa
8%
Mario & Luigi: Brothership Glohm Koopa Troopa
8%
Mario & Luigi: Brothership Glohm Magikoopa
8%
Mario & Luigi: Brothership Glohm Palooka
8%
Mario & Luigi: Brothership Glohm Palooka R
8%
Mario & Luigi: Brothership Glohm Pipegunk
8%
Mario & Luigi: Brothership Glohm Seedle
8%
Mario & Luigi: Brothership Glohm Seedle R
8%
Mario & Luigi: Brothership Glohm Sharkbone
8%
Mario & Luigi: Brothership Glohm Sharpcask
8%
Mario & Luigi: Brothership Glohm Snaptor
8%
Paper Mario: The Thousand Year Door Gloomtail
8%
Donkey Kong Country Gnawty
8%
Luigi's Mansion: Dark Moon Gobber
8%
Mario & Luigi: Brothership Gobblick
8%
Mario & Luigi: Dream Team | Mario & Luigi: Superstar Saga Gold Beanie
8%
New Super Mario Bros. 2 Gold Boo
8%
New Super Mario Bros. 2 Gold Bro
8%
Paper Mario: The Thousand Year Door Gold Fuzzy
8%
New Super Mario Bros. 2 Gold Piranha Plant
8%
Paper Mario: Colour Splash Gold Shy Guy
8%
Donkey Kong (Game Boy) Golem
8%
Mario & Luigi: Dream Team Goomba R
8%
Super Mario 3D Land Goomba Tower
8%
Super Mario Galaxy Goombeetle
8%
Paper Mario Goomboss
8%
New. Super Mario Bros. U Goombrat
8%
Mario & Luigi: Brothership Gorumbla
8%
Super Mario RPG: The Legend of the Seven Stars Grate Guy
8%
Paper Mario Gray Magikoopa
8%
Luigi's Mansion: Dark Moon Greenie
8%
Paper Mario Green Magikoopa
8%
Paper Mario: Sticker Star Green Pokey
8%
Super Mario World 2: Yoshi's Island Grinder
8%
Super Mario Galaxy Gringill
8%
Mario & Luigi: Superstar Saga Gritty Goomba
8%
Wario World Grizzly
8%
Paper Mario: The Thousand Year Door Grodus
8%
New. Super Mario Bros. U Grrrol
8%
Paper Mario Gulpit
8%
Super Mario Odyssey Gushen
8%
Super Paper Mario Headbonk Goomba
8%
Super Paper Mario Heavy Cursya
8%
Mario & Luigi: Superstar Saga Hermie III
8%
Super Mario Land Hiyoihoi
8%
Paper Mario: The Origami King Hole Punch
8%
Mario & Luigi: Superstar Saga Hoohooros
8%
Paper Mario: The Thousand Year Door Hooktail
8%
Super Mario Bros. 3 Hot Foot
8%
Super Mario World Hothead
8%
Paper Mario Hurt Plant
8%
Mario & Luigi: Brothership Hydro Seedle
8%
Paper Mario: The Thousand Year Door Hyper Bald Cleft
8%
Paper Mario Hyper Cleft
8%
Paper Mario Hyper Paragoomba
8%
Super Mario Galaxy Ice Bat
8%
Super Paper Mario Ice Cherbil
8%
Super Mario 3D World + Bowser's Fury Innertube Cat Goomba
8%
Super Mario 3D World Innertube Goomba
8%
Mario & Luigi: Brothership Invizilizard
8%
Mario & Luigi: Brothership Invizilizard R
8%
Super Mario RPG: The Legend of the Seven Stars Jinx
8%
Luigi's Mansion 3 Johnny Deepend
8%
Mario & Luigi: Superstar Saga Jojora
8%
Super Mario World Jumping Piranha Plant
8%
Paper Mario Jungle Fuzzy
8%
New Super Mario Bros. Kab-omb
8%
Donkey Kong 64 Kasplat
8%
Paper Mario Kent C. Koopa
8%
Super Paper Mario King Croacus
8%
Super Mario Land King Totomesu
8%
Donkey Kong Country Klaptrap
8%
Donkey Kong Country 2: Diddy's Kong Quest Klobber
8%
Donkey Kong Country 2: Diddy's Kong Quest Klomp
8%
Donkey Kong Country Klump
8%
Wario Land: Super Mario Land 3 Knight
8%
Mario Party Koopa Kid
8%
Donkey Kong Country Krash
8%
Donkey Kong Country Kritter
8%
Donkey Kong Country 2: Diddy's Kong Quest Krow
8%
Donkey Kong Country Krusha
8%
Paper Mario: Colour Splash Laundry Guy
8%
Paper Mario Lava Piranha
8%
Paper Mario Lee
8%
Super Mario Galaxy Li'l Cinder
8%
Super Mario World Li'l Sparky
8%
Super Paper Mario Longadile
8%
Super Paper Mario Longator
8%
Donkey Kong Country: Tropical Freeze Lord Fredrik
8%
Super Mario RPG: The Legend of the Seven Stars Machine Made
8%
Super Princess Peach Mad Boo
8%
Donkey Kong 64 Mad Jack
8%
Super Mario 64 Mad Piano
8%
Paper Mario: The Thousand Year Door Magnus Von Grapple
8%
Paper Mario: The Thousand Year Door Magnus Von Grapple 2.0
8%
Super Mario RPG: The Legend of the Seven Stars Mallow Clone
8%
Super Mario RPG: The Legend of the Seven Stars Manager
8%
Super Mario Galaxy Mandibug Stack
8%
Donkey Kong Country Manky Kong
8%
Super Mario 64 Manta Ray
8%
Paper Mario: The Thousand Year Door Marilyn
8%
Super Mario RPG: The Legend of the Seven Stars Mario Clone
8%
Super Mario Bros. 2 Mask Gate
8%
Donkey Kong Country Master Necky
8%
Paper Mario M. Bush
8%
Paper Mario Medi Guy
8%
Super Paper Mario Megabite
8%
Mario + Rabbids: Kingdom Battle MegaDragonBowser
8%
Super Mario Galaxy 2 Megahammer
8%
Super Paper Mario Mega Koopa
8%
Super Mario Galaxy Megaleg
8%
Super Mario World Mega Mole
8%
Mario & Luigi: Brothership Mega Snaptor
8%
Paper Mario: Sticker Star Megasparkle Goomba
8%
Super Paper Mario Meowbomb
8%
Mario & Luigi: Bowser's Inside Story Midbus
8%
Donkey Kong Country Returns Mimic
8%
Donkey Kong Country Mini-Necky
8%
Paper Mario: The Thousand Year Door Mini-X-Yux
8%
Paper Mario: The Thousand Year Door Mini-Yux
8%
Paper Mario: The Thousand Year Door Mini-Z-Yux
8%
Super Mario Bros. Wonder Missile Meg
8%
Paper Mario: Sticker Star Mizzter Blizzard
8%
Super Mario Odyssey Mollusque-Lanceur
8%
Paper Mario Monstar
8%
New Super Mario Bros. Monty Tank
8%
Paper Mario: The Thousand Year Door Moon Cleft
8%
Mario Kart World Moose
8%
Super Mario 64 Mr. Blizzard
8%
Super Mario RPG: The Legend of the Seven Stars Mr. Kipper
8%
Mario & Luigi: Partners in Time Mrs. Thwomp
8%
Donkey Kong Country Returns Mugly
8%
Luigi's Mansion 3 | Wario World Mummy
8%
Donkey Kong Country Necky
8%
Super Mario RPG: The Legend of the Seven Stars Ninja
8%
Yoshi's Crafted World Ninja Guy
8%
Super Paper Mario Ninjerry
8%
Super Paper Mario Ninjoe
8%
Super Paper Mario Ninjohn
8%
Super Paper Mario O'Chunks
8%
Super Mario Galaxy Octoguy
8%
Super Mario Land 2: Six Golden Coins Octopus
8%
Paper Mario: Colour Splash | Paper Mario: Sticker Star Paint Guy
8%
Paper Mario: The Thousand Year Door Pale Piranha
8%
Mario & Luigi: Brothership Palooka
8%
Mario & Luigi: Brothership Palooka R
8%
Mario & Luigi: Paper Jam Paper Kamek
8%
Paper Mario: The Origami King Paper Macho Boo
8%
Paper Mario: The Origami King Paper Macho Buzzy Beetle
8%
Paper Mario: The Origami King Paper Macho Goomba
8%
Paper Mario: The Origami King Paper Macho Koopa Troopa
8%
Paper Mario: The Origami King Paper Macho Shy Guy
8%
Mario & Luigi: Superstar Saga Parabeanie
8%
Super Mario 3D Land Para-Biddybud
8%
Super Mario World Parabomb
8%
Mario & Luigi: Superstar Saga Paratroopea
8%
Super Mario RPG: The Legend of the Seven Stars Peach Clone
8%
Super Mario Sunshine Phantamanta
8%
Paper Mario: The Thousand Year Door Phantom Ember
8%
Paper Mario: The Thousand Year Door Pider
8%
Donkey Kong Country Returns Pinchly
8%
Mario & Luigi: Brothership Pipegunk
8%
Wario Land: Super Mario Land 3 Pirate Ghost
8%
Yoshi's Island DS Pirate Guy
8%
Super Mario Sunshine Plungelo
8%
Donkey Kong Country Returns Pogobot
8%
Paper Mario: Sticker Star Poison Blooper
8%
Super Paper Mario Poison Cherbil
8%
Super Mario Odyssey Poison Piranha Plant
8%
Paper Mario: The Thousand Year Door Poison Pokey
8%
Super Mario Odyssey Pokio
8%
Super Mario 3D Land Pom Pom
8%
Mario & Luigi: Superstar Saga Popple
8%
Donkey Kong Bananza Poppy Kong
8%
Yoshi's Island DS Potted Ghost
8%
Super Mario Galaxy 2 Prickly Piranha Plant
8%
Super Mario Galaxy 2 Prince Pikante
8%
Mario & Luigi: Dream Team Private Goomp
8%
Mario & Luigi: Dream Team Private Goomp X
8%
Paper Mario: Colour Splash Pry Guy
8%
Mario & Luigi: Superstar Saga Puffer-Cheep
8%
Wario Land II Punch
8%
Super Mario RPG: The Legend of the Seven Stars Punchinello
8%
Super Mario Galaxy 2 Pupdozer
8%
Donkey Kong Country Returns Pyrobot
8%
Super Mario World 2: Yoshi's Island Pyro Guy
8%
Donkey Kong Country Queen B.
8%
Super Mario 3D World Rammerhead
8%
Super Mario RPG: The Legend of the Seven Stars Reacher
8%
Donkey Kong Country Really Gnawty
8%
Mario & Luigi: Brothership Reclusa
8%
Super Mario Sunshine Red Cataquack
8%
Paper Mario: The Thousand Year Door Red Chomp
8%
Super Paper Mario Red Magiblot
8%
Paper Mario Red Magikoopa
8%
Super Paper Mario Reversya Cursya
8%
Super Mario Bros. Wonder Revver
8%
Super Mario World Rex
8%
Super Mario World Reznor
8%
Super Mario Galaxy 2 Rhomp
8%
Super Mario Odyssey Robo-Brood
8%
Donkey Kong Country Rock Kroc
8%
Super Mario Galaxy Rocto
8%
Super Mario Galaxy 2 Rollodillo
8%
Mario & Luigi: Superstar Saga Rookie
8%
Paper Mario Ruff Puff
8%
Super Mario Odyssey Ruined Dragon
8%
New Super Mario Bros. Wii Scaredy Rat
8%
Paper Mario: The Origami King Scissors
8%
Donkey Kong Country 2: Diddy's Kong Quest Screech
8%
Mario & Luigi: Bowser's Inside Story Scutlet
8%
Super Mario 64 Scuttlebug
8%
Mario & Luigi: Dream Team Seargent Guy
8%
Mario & Luigi: Dream Team Seargent Guy X
8%
Donkey Kong Country: Tropical Freeze Sea Urchin
8%
Mario & Luigi: Brothership Seedle
8%
Mario & Luigi: Brothership Seedle R
8%
Mario & Luigi: Brothership Seedlusa
8%
Paper Mario: The Thousand Year Door Shady Paratroopa
8%
Super Mario RPG: The Legend of the Seven Stars Shaman
8%
Mario & Luigi: Superstar Saga Shark Bone
8%
Mario & Luigi: Brothership Sharkbone
8%
Mario & Luigi: Brothership Sharpcask
8%
Paper Mario: Colour Splash Shield Guy
8%
Paper Mario: Sticker Star Shiny Koopa Troopa
8%
Mario & Luigi: Paper Jam Shiny RoboBowser
8%
Super Mario Bros. 3 Shoe Goomba
8%
Super Mario Bros. Wonder Shova
8%
Donkey Kong 64 Shroom
8%
Mario & Luigi: Partners in Time Shrowser
8%
Mario & Luigi: Dream Team Shy Guy Airtub
8%
Mario & Luigi: Dream Team Shy Guy Airtub DX
8%
Mario & Luigi: Dream Team Shy Guy Airtub R
8%
Mario & Luigi: Dream Team Shy Guy R
8%
Paper Mario Shy Guy Tower
8%
Super Mario RPG: The Legend of the Seven Stars Shyster
8%
Paper Mario: Colour Splash Silver Shy Guy
8%
Super Mario 3D World + Bowser's Fury Skating Cat Goomba
8%
Super Mario 3D World Skating Goomba
8%
Super Paper Mario Skellobait
8%
Super Paper Mario Skellobit
8%
Paper Mario: The Thousand Year Door Sky-Blue Spiny
8%
Paper Mario Sky Guy
8%
Luigi's Mansion: Dark Moon Slammer
8%
Donkey Kong Country Slippa
8%
Paper Mario: Colour Splash Slurp Guy
8%
Super Mario 3D World Small Rammerhead
8%
Super Mario RPG: The Legend of the Seven Stars Smithy
8%
Mario & Luigi: Dream Team Smoldergeist
8%
Paper Mario: The Thousand Year Door Smorg
8%
New Super Mario Bros. Snailicorn
8%
Luigi's Mansion 3 | Mario Clash | Mario Kart World | Wario Land 3 Snake
8%
Donkey Kong Country 2: Diddy's Kong Quest | Donkey Kong Jr. Snapjaw
8%
Mario & Luigi: Brothership Snaptor
8%
Mario & Luigi: Bowser's Inside Story Snawful
8%
Mario & Luigi: Bowser's Inside Story Sniffle Thwomp
8%
Super Mario Bros. 2 Snifit
8%
Donkey Kong (Game Boy) Sniper
8%
Mario & Luigi: Superstar Saga Sniper Bill
8%
Super Mario Galaxy 2 Snoodle
8%
Mario Golf: Super Rush Snow King
8%
Mario Kart 64 | Wario World Snowman
8%
Super Paper Mario Sobarribad
8%
Super Mario Galaxy 2 Sorbetti
8%
Paper Mario: The Thousand Year Door Spania
8%
Donkey Kong Jr. | Luigi's Mansion Spark
8%
Wario Land: Super Mario Land 3 Sparky
8%
Super Mario World 2: Yoshi's Island Spear Guy
8%
Paper Mario Spiked Goomba
8%
Paper Mario: Colour Splash Spike Guy
8%
Super Paper Mario Spiky Skellobit
8%
Super Mario Galaxy Spiky Topman
8%
Super Mario 64 Spindel
8%
Paper Mario: The Thousand Year Door Spinia
8%
Super Mario Galaxy Spiny Piranha Plant
8%
Super Mario Galaxy Spring Topman
8%
Paper Mario: The Thousand Year Door Spunia
8%
Super Paper Mario Squig
8%
New Super Mario Bros. Squiggler
8%
Super Mario Galaxy 2 Squizzard
8%
Super Paper Mario Squoinker
8%
Paper Mario: The Origami King Stapler
8%
Donkey Kong Country Returns Stilts
8%
Wario World Stingray
8%
Super Paper Mario Stone Buzzy
8%
New Super Mario Bros. Wii Stone Spike
8%
Super Mario Sunshine Strollin' Stu
8%
Donkey Kong Country Returns Stu
8%
Mario & Luigi: Dream Team Sub-Goomba
8%
Mario & Luigi: Dream Team Sub-Goomba X
8%
Paper Mario Super Blooper
8%
Super Paper Mario Super Dimentio
8%
Mario & Luigi: Superstar Saga Super Fly
8%
Super Mario World Super Koopa
8%
Super Paper Mario SurpriseMeow
8%
Mario & Luigi: Partners in Time Swiggler
8%
Super Mario 3D Land Tail Bowser
8%
Super Mario 3D Land Tail Bullet Bill
8%
Mario & Luigi: Superstar Saga Tanoomba
8%
New. Super Mario Bros. U Targeting Ted
8%
Super Paper Mario Tech Cursya
8%
Mario & Luigi: Superstar Saga Teeheena
8%
Super Mario RPG: The Legend of the Seven Stars Terrapin
8%
Super Mario World 2: Yoshi's Island The Potted Ghost
8%
Paper Mario: Colour Splash The Shy Bandit
8%
Donkey Kong Country Returns Thugly
8%
Super Mario World Thwimp
8%
Donkey Kong Country Returns Tiki Buzz
8%
Donkey Kong Country Returns Tiki Doom
8%
Donkey Kong Country Returns Tiki Goon
8%
Donkey Kong Country Returns Tiki Tank
8%
Donkey Kong Country Returns Tiki Tong
8%
Donkey Kong Country Returns Tiki Torch
8%
Super Paper Mario Tileoid B
8%
Super Paper Mario Tileoid G
8%
Super Paper Mario Tileoid R
8%
Super Paper Mario Tileoid Y
8%
Super Mario World 2: Yoshi's Island Toady
8%
Super Mario Galaxy Topmini
8%
Paper Mario: Sticker Star Tower Power Pokey
8%
Mario & Luigi: Superstar Saga Troopea
8%
Super Mario Bros. 2 Tryclyde
8%
Super Mario Galaxy 2 Twirlip
8%
Super Mario 64 Unagi
8%
Super Mario Galaxy Undergrunt
8%
Super Paper Mario Underhand
8%
Super Mario Odyssey Uproot
8%
Super Mario World Urchin
8%
Super Mario RPG: The Legend of the Seven Stars Valentina
8%
Donkey Kong Country Very Gnawty
8%
Donkey Kong Bananza Void Kong
8%
New. Super Mario Bros. U Waddlewing
8%
Super Princess Peach Walruss
8%
Mario & Luigi: Brothership Weeping Core
8%
Mario & Luigi: Brothership Weeping Reclusa
8%
Dr. Mario Weird
8%
Paper Mario White Magikoopa
8%
Super Mario 64 Whomp King
8%
Paper Mario: Sticker Star Wiggler Segment
8%
Yoshi's Woolly World Wik
8%
Paper Mario: Colour Splash Wild Dino Rhino
8%
Super Mario RPG: The Legend of the Seven Stars Wizakoopa
8%
Paper Mario: The Thousand Year Door Wizzerd
8%
Super Mario Bros. Wonder Wonder Bowser Jr.
8%
Super Mario Bros. Wonder Wonder Hoppo
8%
Super Mario Bros. Wonder Wonder Shova
8%
Super Paper Mario Wracktail
8%
Paper Mario: The Thousand Year Door X-Naut
8%
Paper Mario: The Thousand Year Door X-Naut PhD
8%
Paper Mario: The Thousand Year Door X-Yux
8%
Super Paper Mario Yellow Magiblot
8%
Paper Mario Yellow Magikoopa
8%
Mario & Luigi: Superstar Saga Yo Bro
8%
Paper Mario: The Thousand Year Door Yux
8%
Donkey Kong Country Zinger
8%
Mario & Luigi: Brothership Zokket
8%
Super Paper Mario Zombie Shroom
8%
Paper Mario: The Thousand Year Door Z-Yux
8%
Paper Mario: Sticker Star 2-Fold Goomba
0%
Paper Mario: Sticker Star 5-Fold Paragoomba
0%
Donkey Kong Bananza Abracajabya
0%
Paper Mario: Colour Splash Accordion Goombas
0%
Paper Mario: Sticker Star Accordion Guy
0%
Donkey Kong Country Returns Ack
0%
Donkey Kong Country Returns AckStack
0%
Wario Land 4 Aerodent
0%
Luigi's Mansion 3 Agoobis
0%
Yoshi Story Air Bag
0%
Mario & Luigi: Bowser's Inside Story Air Cannon
0%
Mario & Luigi: Bowser's Inside Story Air Cheep
0%
Super Paper Mario AirMeow
0%
Mario & Luigi: Bowser's Inside Story Airnapse
0%
Wario Land 3 Akamajakushi
0%
Mario & Luigi: Bowser's Inside Story Alarm Bob-omb
0%
Super Mario Bros. 2 Albatoss
0%
Super Mario RPG: The Legend of the Seven Stars Alley Rat
0%
Mario & Luigi: Bowser's Inside Story Alpha Kretin
0%
Mario & Luigi: Bowser's Inside Story Alpha Kretin X
0%
Luigi's Mansion 3 Amadeus Wolfgeist
0%
Super Mario RPG: The Legend of the Seven Stars Amanita
0%
Super Mario RPG: The Legend of the Seven Stars Ameboid
0%
Wario: Master Of Disguise Amphibigun
0%
Luigi's Mansion: Dark Moon Ancient Poltergeist
0%
Super Mario Bros. Wonder Anglefish
0%
Wario World Angler Mangler
0%
Virtual Boy Wario Land Angry Watermelon
0%
Paper Mario: Colour Splash Animal Trainer Shy Guy
0%
Wario World Ankiron
0%
Wario Land 3 Anonster
0%
Mario & Luigi: Dream Team Antasman
0%
Donkey Kong Bananza Antickoid
0%
Mario & Luigi: Superstar Saga Anuboo
0%
Donkey Kong Country Returns Ape-Eating Plant
0%
Wario Land 3 Appleby
0%
Super Mario RPG: The Legend of the Seven Stars Apprentice
0%
Super Mario Land 2: Six Golden Coins Aqua Goomba
0%
Super Mario World 2: Yoshi's Island Aqua Lakitu
0%
Donkey Kong (Game Boy) Aqua Man
0%
Super Mario RPG: The Legend of the Seven Stars Arachne
0%
Donkey Kong Country: Tropical Freeze Archy
0%
Donkey Kong Country 3: Dixie Kong's Double Trouble Arich
0%
Super Mario Bros. Wonder Armad
0%
Mario Kart World Armadillo
0%
Super Mario RPG: The Legend of the Seven Stars Armored Ant
0%
Donkey Kong Jungle Beat Armored Stinga
0%
Mario + Rabbids: Sparks of Hope Armoured Goomba
0%
Donkey Kong 64 Army Dillo
0%
Super Princess Peach Army Hammer Bro
0%
Super Mario RPG: The Legend of the Seven Stars Artichoker
0%
Donkey Kong (Game Boy) Arumajiron
0%
Donkey Kong 3 Attacker
0%
Yoshi's Crafted World Attack Ghost
0%
Yoshi Story Attacky Sack
0%
Super Mario Bros. 2 Autobomb
0%
Wario Land II Awabo
0%
Super Mario RPG: The Legend of the Seven Stars Axem Black
0%
Super Mario RPG: The Legend of the Seven Stars Axem Green
0%
Super Mario RPG: The Legend of the Seven Stars Axem Pink
0%
Super Mario RPG: The Legend of the Seven Stars Axem Red
0%
Super Mario RPG: The Legend of the Seven Stars Axem Yellow
0%
Donkey Kong Country: Tropical Freeze Ba-Boom
0%
Super Mario Bros. Wonder Baboom
0%
Super Mario Bros. 3 Baby Cheep
0%
Mario Kart 64 Baby Penguin
0%
Super Mario RPG: The Legend of the Seven Stars Bad Adder
0%
Paper Mario: The Thousand Year Door Badge Bandit
0%
Super Mario RPG: The Legend of the Seven Stars Bahamutt
0%
Donkey Kong Jungle Beat Bakky
0%
Yoshi Story Bamboo Dancers
0%
Donkey Kong Bananza Banandium Gecko
0%
Super Mario RPG: The Legend of the Seven Stars Bandana Blue
0%
Super Mario RPG: The Legend of the Seven Stars Bandana Red
0%
Wario Land: Shake It! Bandinero
0%
Donkey Kong Country Returns Banjo Bottom
0%
Donkey Kong Country 3: Dixie Kong's Double Trouble Barbos
0%
Wario: Master Of Disguise Barfatronic Lavachomper
0%
Super Mario World 2: Yoshi's Island Barney Bubble
0%
Super Mario World 2: Yoshi's Island Baron von Zeppelin
0%
Wario World Barrel Buster
0%
Super Mario Land Batadon
0%
Donkey Kong Bananza Batteroid
0%
Super Mario Land 2: Six Golden Coins Battle Beetle
0%
Wario World Battle Ring
0%
Wario: Master Of Disguise Battle Salmon
0%
Wario Land: Super Mario Land 3 Batto Shuruken
0%
Yoshi's Crafted World Bazooka Heyho
0%
Donkey Kong Country 3: Dixie Kong's Double Trouble Bazuka
0%
Donkey Kong Country 3: Dixie Kong's Double Trouble Bazza
0%
Wario's Woods Beaker
0%
Wario Land 3 Beam Robota
0%
Mario + Rabbids: Sparks of Hope Bedrock
0%
Super Mario Land 2: Six Golden Coins Beebee
0%
Mario & Luigi: Bowser's Inside Story + Bowser Jr.'s Journey Beef
0%
Mario & Luigi: Dream Team Beef Cloud
0%
Super Mario Land 2: Six Golden Coins Bee Fly
0%
Super Paper Mario Beepboxer
0%
Donkey Kong 3 Beespy
0%
Luigi's Mansion: Dark Moon Beetle Whisperer
0%
Wario Land 4 Beezley
0%
Donkey Kong Country 3: Dixie Kong's Double Trouble Belcha
0%
Hotel Mario Bellhop Goomba
0%
Super Mario RPG: The Legend of the Seven Stars Belome
0%
Super Mario Land 2: Six Golden Coins Bera
0%
Yoshi's Island DS Bessie Bass
0%
Mario & Luigi: Bowser's Inside Story + Bowser Jr.'s Journey Best Fitness Friends
0%
Mario & Luigi: Bowser's Inside Story Beta Kretin
0%
Mario & Luigi: Bowser's Inside Story Beta Kretin X
0%
Luigi's Mansion Biff Atlas
0%
Mario & Luigi: Bowser's Inside Story Biffdus X
0%
Mario & Luigi: Bowser's Inside Story Biffidus
0%
Super Mario 3D World Big Ant Trooper
0%
Super Mario Land 2: Six Golden Coins Bigbee
0%
Donkey Kong Jungle Beat Big Bee
0%
Super Mario Land 2: Six Golden Coins Big Bird
0%
Super Mario RPG: The Legend of the Seven Stars Big Blaster
0%
Virtual Boy Wario Land Big Blob
0%
Wario World Big Bone-Fist
0%
Yoshi's Island DS Big Bungee Piranha
0%
Yoshi's Island DS Big Burt Bros.
0%
Wario World Big Clown
0%
Paper Mario: The Origami King Big Cutout Soldier
0%
New Super Luigi U Big Eep Cheep
0%
Super Mario Bros. Wonder Big Fiery Note Piranha
0%
Yoshi's Woolly World Big Frame Boo
0%
Donkey Kong Barrel Blast Big Frog
0%
New Super Mario Bros. Wii Big Fuzzy
0%
Mario & Luigi: Brothership Big Glohm Soreboar
0%
Mario Paint Big Gnat
0%
Yoshi's Island DS Big Guy The Stilted
0%
Super Mario Bros. Wonder Big Hoppycat
0%
Wario Land II Big Kamukamu
0%
Paper Mario Big Lantern Ghost
0%
Yoshi Story Big & Little Boo
0%
Wario World Big Magon
0%
Mario & Luigi: Dream Team Big Massif
0%
Mario & Luigi: Dream Team Big Massif X
0%
Mario Party 10 Big Mechakoopa
0%
Super Paper Mario BigMeow
0%
Wario World Big Monster Doll
0%
Yoshi's Woolly World Big Montgomery
0%
Virtual Boy Wario Land Big Mouth
0%
Wario World Big Mummy
0%
Super Mario Galaxy 2 Big Paragoomba
0%
Super Mario Odyssey Big Poison Piranha Plant
0%
Super Paper Mario Big Sammer Guy
0%
Wario World Big Scorper
0%
Donkey Kong Country Returns Big Screaming Pillar
0%
Super Mario Bros. Wonder Big Seeker Bullet Bill
0%
Super Mario Bros. Wonder Big Shoomp
0%
Super Mario Bros. Wonder Big Smogrin
0%
Super Mario Bros. Wonder Big Snootle
0%
Mario & Luigi: Brothership Big Soreboar
0%
Donkey Kong Country: Tropical Freeze Big Sphen
0%
Mario & Luigi: Brothership Big Spikely
0%
Donkey Kong Country Returns Big Squeekly
0%
Donkey Kong Country Returns Big Tiki Zing
0%
Super Mario RPG: The Legend of the Seven Stars Big Troopa
0%
Super Mario Bros. Wonder Big Trottin' Piranha Plant
0%
New Super Mario Bros. Wii Big Urchin
0%
Wario World Big Wolf
0%
Wario World Big Zombie Magon
0%
Super Mario Land Biokinton
0%
Super Mario Land 2: Six Golden Coins Birdfish
0%
Super Mario RPG: The Legend of the Seven Stars Birdy
0%
Super Mario Odyssey Bitefrost
0%
Donkey Kong Country Bitesize
0%
Super Paper Mario Bittacuda
0%
Donkey Kong Jungle Beat Black Fairy
0%
Wario World Black Jewel
0%
Super Mario Galaxy Black King Kaliente
0%
Virtual Boy Wario Land Blade-Face
0%
Wario: Master Of Disguise Blamses
0%
Super Paper Mario Blastboxer
0%
Mario & Luigi: Partners in Time Blazing Shroob
0%
Super Mario Bros. Wonder Blewbird
0%
Super Princess Peach Blizzarus
0%
Mario + Rabbids: Kingdom Battle Blizzy
0%
Donkey Kong Jungle Beat Bloat-Hog
0%
Mario & Luigi: Dream Team Bloatula
0%
New Super Mario Bros. Blockhopper
0%
Mario & Luigi: Dream Team Block Monolift
0%
Mario & Luigi: Dream Team Block Monolift X
0%
Super Paper Mario Blomeba
0%
Wrecking Crew '98 Blonya
0%
Donkey Kong Jungle Beat Blood Pine
0%
Wario Land: Shake It! Bloomsday
0%
Super Mario Sunshine Bloopad
0%
Paper Mario: Colour Splash Blooper 10-Stack
0%
Mario & Luigi: Dream Team Bloopurn
0%
Wario: Master Of Disguise Blow Globe
0%
Super Mario World 2: Yoshi's Island Blow Hard
0%
Super Mario Sunshine Blue Billet Bill
0%
Super Mario RPG: The Legend of the Seven Stars Bluebird
0%
Luigi's Mansion Blue Blaze
0%
New. Super Mario Bros. U Blue Dragoneel
0%
Donkey Kong Country: Tropical Freeze Blue Hootz
0%
Super Mario Bros. Wonder Blue Konk
0%
Super Princess Peach Blue Podoboo
0%
Luigi's Mansion Blue Twirler
0%
Diddy Kong Racing Bluey
0%
Super Mario 3D World Blurker
0%
Yoshi's Crafted World Bobber
0%
Mario Kart: Double Dash!! Bob-omb Car
0%
Mario vs Donkey Kong 2: March of the Minis Bob-omb Fish
0%
Super Mario RPG: The Legend of the Seven Stars Bodyguard
0%
Luigi's Mansion Bogmire
0%
Super Paper Mario Boing-Oing
0%
Wario: Master Of Disguise Bombat
0%
Virtual Boy Wario Land Bomb-Bat
0%
Luigi's Mansion: Dark Moon Bomb Brother
0%
Super Mario World Bomber Bill
0%
Luigi's Mansion 3 Bomb Goob
0%
Luigi's Mansion 3 Bomb Hammer
0%
Luigi's Mansion 3 Bomb Oozer
0%
Paper Mario Bombshell Bll
0%
Super Mario Land Bombshell Koopa
0%
Super Mario Galaxy Bomp
0%
Super Mario Land 2: Six Golden Coins Bomubomu
0%
Yoshi's Crafted World Bon-Bom
0%
Super Paper Mario Bonechill
0%
Wario World Bone Cractyl
0%
Yoshi Story Bone Dragon
0%
Paper Mario: Colour Splash Boo 10-Stack
0%
Super Mario World 2: Yoshi's Island Boo Blah
0%
Donkey Kong 64 Book
0%
Super Mario 64 Bookend
0%
Donkey Kong Country: Tropical Freeze Boom Bird
0%
Super Paper Mario Boomboxer
0%
Wario Land: Shake It! Boomdinero
0%
Paper Mario: Sticker Star Boo Stack
0%
Donkey Kong Country 3: Dixie Kong's Double Trouble Booty Bird
0%
Donkey Kong Country Returns Bopapodamus
0%
Super Mario Land 2: Six Golden Coins Bopping Toady
0%
Mario & Luigi: Bowser's Inside Story Borp
0%
Super Mario 3D World Boss Brolder
0%
Donkey Kong Jungle Beat Boss Pig Poppo
0%
Donkey Kong Country: Tropical Freeze Bouncelisk
0%
Super Mario World 2: Yoshi's Island Bouncing Bullet Bill
0%
Donkey Kong Country 3: Dixie Kong's Double Trouble Bounty Bass
0%
Wario Land 4 Bow Balloon
0%
Wario Land 4 Bowler
0%
Luigi's Mansion Bowling Ghost
0%
Super Mario World 2: Yoshi's Island Bowling Goonie
0%
Mario & Luigi: Bowser's Inside Story Bowser Memory LX
0%
Mario & Luigi: Bowser's Inside Story Bowser Memory MX
0%
Super Mario RPG: The Legend of the Seven Stars Box Boy
0%
Mario Kart World Brachiosaurus
0%
Mario + Rabbids: Sparks of Hope Bravado
0%
Wario World Brawl Doll
0%
Mario vs. Donkey Brickman
0%
Yoshi Touch & Go Brier
0%
Paper Mario: The Thousand Year Door Bristle
0%
Donkey Kong Country 3: Dixie Kong's Double Trouble Bristles
0%
Super Mario 3D World Brolder
0%
Wario's Woods Broom
0%
Super Mario Bros. Wonder Brown Trompette
0%
Wario Land 3 Brrr Bear
0%
Mario & Luigi: Bowser's Inside Story Bubble Blooper
0%
Mario Party: Island Tour Bubble Clone
0%
Super Mario World 2: Yoshi's Island Bubble Dayzee
0%
Diddy Kong Racing Bubbler
0%
Wario Land: Shake It! Buccanero
0%
Super Mario Land 2: Six Golden Coins Bucho
0%
Donkey Kong Country Returns BuckBomb
0%
Donkey Kong Country Returns BuckBot
0%
Wario Land: Super Mario Land 3 Bucket Head
0%
Donkey Kong (Game Boy) Bucket Man
0%
Donkey Kong Country: Tropical Freeze Bucky
0%
Mario Kart World Buffalo
0%
Donkey Kong Country: Tropical Freeze Buffaloafer
0%
Wario: Master Of Disguise Buffy The Dolphin
0%
Donkey Kong (Game Boy) Bukubuku
0%
Mario Kart World | New Super Mario Bros. Wii Bulber
0%
Super Mario Land Bullet Biff
0%
Yoshi's Woolly World Bullet Bill Patch
0%
New Super Mario Bros. Wii Bull's-Eye Banzai
0%
Super Mario Bros. 3 Bull's-Eye-Bill
0%
Super Mario Bros. Wonder Bulls-Eye Billet Train
0%
Super Mario Bros. Wonder Bulls-Eye Gnawsher
0%
Yoshi Story Bumblebee
0%
Wario Land: Shake It! Bumbleprod
0%
Mario Pinball Land Bumbler
0%
Mario & Luigi: Brothership Bumbleshoot
0%
Super Mario World 2: Yoshi's Island | Yoshi Story Bumpty
0%
Super Mario Land Bunbun
0%
Yoshi's Island DS Bungee Piranha
0%
Yoshi's Crafted World Bunmawashi Doll
0%
Yoshi's Woolly World Bunson the Hot Dog
0%
Super Mario Land 2: Six Golden Coins Bupon
0%
Yoshi Story Burner Heiho
0%
Wrecking Crew '98 Burnya
0%
Super Mario Land 2: Six Golden Coins Buro
0%
Yoshi's Woolly World Burrbert
0%
Super Mario Odyssey Burrbo
0%
Yoshi's Crafted World Burt The Ball
0%
Yoshi's Crafted World Bushydo
0%
Super Mario Bros. 3 Buster Beetle
0%
Wario Land 4 Butatabi
0%
Paper Mario Buzzar
0%
Donkey Kong 3 Buzzbee
0%
Donkey Kong Country Returns Buzzbite
0%
Super Mario RPG: The Legend of the Seven Stars Buzzer
0%
Donkey Kong Bananza Buzzoid
0%
Paper Mario: Colour Splash Buzzy Beetle Gang
0%
Paper Mario: Colour Splash Buzzy Beetle Tower
0%
Mario + Rabbids: Kingdom Battle Bwaluigi
0%
Mario + Rabbids: Kingdom Battle Bwario
0%
Paper Mario Bzzap!
0%
Mario & Luigi: Dream Team Caccac
0%
Mario & Luigi: Superstar Saga Cackletta
0%
Super Mario World 2: Yoshi's Island Cactus Jack
0%
Donkey Kong Jungle Beat Cactus King
0%
Wario World Cage Beast
0%
Donkey Kong Country Returns Cageberry
0%
Super Mario World 2: Yoshi's Island Caged Ghost
0%
Mario + Rabbids: Kingdom Battle Calavera
0%
Super Princess Peach Calm Cannon
0%
Super Princess Peach Calm Fishing Boo
0%
Super Princess Peach Calm Hammer Bro
0%
Super Princess Peach Calm Lakitu
0%
Super Princess Peach Calm Volcano Plant
0%
Mario & Luigi: Bowser's Inside Story Calorite
0%
Mario vs Donkey Kong: Tipping Stars Cannon King
0%
Mario & Luigi: Brothership | Mario & Luigi: Dream Team Capnap
0%
Mario & Luigi: Brothership Capnap R
0%
Luigi's Mansion 3 Captain Fishhook
0%
Wario World Captain Skull
0%
Wario Land II Captain Syrup
0%
Mario vs Donkey Kong 2: March of the Minis Capture Kong
0%
Super Mario RPG: The Legend of the Seven Stars Carroboscis
0%
Wario Land 4 Catbat
0%
Super Mario 3D World + Bowser's Fury Cat Big Piranha Plant
0%
Super Mario 3D World + Bowser's Fury Cat Boomerang Bro
0%
Super Mario 3D World + Bowser's Fury Cat Bully
0%
Super Mario 3D World + Bowser's Fury Cat Fire Piranha Plant
0%
Super Mario 3D World + Bowser's Fury Cat Flopter
0%
Super Mario 3D World + Bowser's Fury Cat Fuzzler
0%
Super Mario 3D World + Bowser's Fury Cat Fuzzy
0%
Donkey Kong Country 2: Diddy's Kong Quest Cat O' 9 Tails
0%
Super Mario 3D World + Bowser's Fury Cat Piranha Creeper
0%
Super Mario 3D World + Bowser's Fury Cat Piranha Plant
0%
Super Mario 3D World + Bowser's Fury Cat Pom Pom
0%
Super Mario 3D World + Bowser's Fury Cat Prince Bully
0%
Super Mario 3D World + Bowser's Fury Cat Skipsqueak
0%
Super Mario 3D World + Bowser's Fury Cat Snow Pokey
0%
Super Mario 3D World + Bowser's Fury Cat Splounder
0%
Super Mario 3D World + Bowser's Fury Cat Stingby
0%
Wario Land II Cave Master
0%
Luigi's Mansion Ceiling Surprise
0%
Yoshi Story Centipede
0%
Mario & Luigi: Bowser's Inside Story Chain Chawful
0%
Super Mario RPG: The Legend of the Seven Stars Chaindelier
0%
Virtual Boy Wario Land Chain-Saw Fish
0%
Mario & Luigi: Bowser's Inside Story Chakron
0%
Luigi's Mansion 3 Chambrea
0%
Mario & Luigi: Paper Jam Chargin' Chuck Corps
0%
Paper Mario: Colour Splash Chariot Snifit
0%
Super Mario 3D World Charvaargh
0%
Luigi's Mansion Chauncey
0%
Donkey Kong Country: Tropical Freeze Cheesy Chester
0%
Luigi's Mansion 3 Chef Soulffle
0%
Super Paper Mario Cherbil
0%
Super Mario RPG: The Legend of the Seven Stars Chester
0%
Super Mario RPG: The Legend of the Seven Stars Chewy
0%
Super Mario Land Chicken
0%
Wario Land: Super Mario Land 3 Chicken Duck
0%
Super Mario 64 DS Chief Chilly
0%
Super Mario Land Chikako
0%
Donkey Kong (Game Boy) Chikuchiku
0%
Super Mario Land 2: Six Golden Coins Chikunto
0%
Dr. Mario Chill
0%
Super Mario 64 Chill Bully
0%
Super Mario Odyssey Chincho
0%
Virtual Boy Wario Land Chippy
0%
Mario & Luigi: Dream Team Chizzle
0%
Yoshi's Crafted World Chompagobbler
0%
Donkey Kong Country: Tropical Freeze Chompasaurus
0%
Mario & Luigi: Superstar Saga Chomp Bro
0%
Super Mario RPG: The Legend of the Seven Stars Chomp Chomp
0%
Donkey Kong Country: Tropical Freeze Chompette
0%
Super Mario World 2: Yoshi's Island Chomp Shark
0%
Super Paper Mario Choppa
0%
Super Mario Galaxy 2 Choppah
0%
Donkey Kong Jungle Beat Chopperbird
0%
Wario Land: Shake It! Chortlebot
0%
Super Mario RPG: The Legend of the Seven Stars Chow
0%
Super Paper Mario Chromeba
0%
Mario & Luigi: Bowser's Inside Story Chuboomba
0%
Mario & Luigi: Superstar Saga Chuck Guy
0%
Mario & Luigi: Superstar Saga Chucklissa
0%
Mario & Luigi: Superstar Saga Chuckolator
0%
Donkey Kong Country Returns Chu Komorin
0%
Donkey Kong Country: Tropical Freeze Chum Chucker Charlie
0%
Wario Land II Chuta
0%
Luigi's Mansion Cinema Ghost
0%
Wario World Circus Ankiron
0%
Paper Mario: Colour Splash Circus Bro
0%
Mario vs Donkey Kong 2: March of the Minis Circus Kong
0%
Donkey Kong Country Clambo
0%
Super Mario Galaxy Clampy
0%
Super Mario World 2: Yoshi's Island Clawdaddy
0%
Luigi's Mansion 3 Clem
0%
Donkey Kong Country 2: Diddy's Kong Quest Click-Clack
0%
Donkey Kong Country Returns Cling Cobra
0%
Super Mario RPG: The Legend of the Seven Stars Cloaker
0%
Luigi's Mansion Clockwork Soldiers
0%
Mario & Luigi: Brothership Clohm Capnap R
0%
Super Mario World 2: Yoshi's Island Cloud Drop
0%
Yoshi Story Cloudjin
0%
Yoshi Story Cloud N. Candy
0%
Super Mario Bros. Wonder Cloud Piranha
0%
Wario World Clown-a-Round
0%
Wario World Club Mummy
0%
Wario World Clubosaur
0%
Mario & Luigi: Superstar Saga Clumph
0%
Mario & Luigi: Bowser's Inside Story Coalbit
0%
Paper Mario: Colour Splash Coal Guy
0%
Wario World Cobra
0%
Super Mario Bros. 2 Cobrat
0%
Mario & Luigi: Dream Team Cocoknight
0%
Mario & Luigi: Dream Team Cocoknight R
0%
Mario & Luigi: Partners in Time Coconutter
0%
Donkey Kong Jungle Beat Coco Pig
0%
Paper Mario: Sticker Star Co Gasagoso
0%
Yoshi's Crafted World Coin Bag Heyho
0%
Super Mario World 2: Yoshi's Island Coin Bandit
0%
Super Mario Land 2: Six Golden Coins Collector
0%
Donkey Kong Country Returns Colonel Puck
0%
Yoshi Story ComBat
0%
Mario & Luigi: Dream Team Commander Lakitu
0%
Mario & Luigi: Partners in Time Commander Shroob
0%
Super Mario Bros. Wonder Condart
0%
Super Mario Bros. Wonder Condrop
0%
Mario & Luigi: Brothership Conductor Cup
0%
Dr. Luigi Confused
0%
DK: King Of Swing Congazuma
0%
Virtual Boy Wario Land Coo-Coo
0%
Mario vs Donkey Kong 2: March of the Minis Cool Kong
0%
Super Paper Mario Copta
0%
Donkey Kong Country Returns Cordian
0%
Super Mario RPG: The Legend of the Seven Stars Count Down
0%
Yoshi's New Island Count Fang
0%
Wario Land 3 Count Richtertoffen
0%
Super Mario Galaxy Crabber
0%
Yoshi's Island DS Crabble
0%
Wario Land: Shake It! Crackpot
0%
Wario Land 4 Cractus
0%
Wario World Cractyl
0%
Mario vs Donkey Kong 2: March of the Minis Crash Kong
0%
Mario & Luigi: Bowser's Inside Story Crawful
0%
Virtual Boy Wario Land Crawling Skull
0%
Super Mario World 2: Yoshi's Island Crayzee Dayzee
0%
Luigi's Mansion: Dark Moon Creeper Launcher
0%
Donkey Kong 3 Creepy
0%
Donkey Kong Bananza Crockoid
0%
Donkey Kong Country | Donkey Kong Country 3 (GBA) Croctopus
0%
Super Mario RPG: The Legend of the Seven Stars Crook
0%
Super Mario Odyssey Crumbleden Burrbo
0%
Paper Mario: Sticker Star Crumpled Boo
0%
Super Mario RPG: The Legend of the Seven Stars Crusty
0%
Wario World Crystal Creature
0%
Wario World Crystal Entity
0%
Wario Land 4 Cuckoo Condor
0%
Mario & Luigi: Brothership Curlup
0%
Mario & Luigi: Brothership Curlup R
0%
Mario + Rabbids: Sparks of Hope Cursa
0%
Mario vs Donkey Kong: Tipping Stars Cursed Mini Mario
0%
Mario vs Donkey Kong 2: March of the Minis Cuttacutta
0%
Donkey Kong Barrel Blast Cyber Kong
0%
Yoshi's Crafted World Cybo
0%
Wario: Master Of Disguise Cyborca
0%
Super Mario Sunshine Cyclo
0%
Super Mario RPG: The Legend of the Seven Stars Czar Dragon
0%
Super Mario World 2: Yoshi's Island Dancing Spear Guy
0%
Wario Land: Super Mario Land 3 Dangerous Duck
0%
Super Mario World 2: Yoshi's Island Dangling Ghost
0%
Donkey Kong Jungle Beat Dan Spider
0%
Mario + Rabbids: Sparks of Hope Daphne
0%
Princess Peach: Showtime! Dark Baker
0%
Super Paper Mario Dark Barribad
0%
Princess Peach: Showtime! Dark Big Boss
0%
Paper Mario: The Thousand Year Door Dark Bones
0%
Super Paper Mario Dark Boomboxer
0%
Super Paper Mario Dark Boomerang Bro
0%
Paper Mario: The Thousand Year Door Dark Bristle
0%
Super Paper Mario Dark Chomp
0%
Super Paper Mario Dark Choppa
0%
Super Paper Mario Dark Dull Bones
0%
Super Paper Mario Dark Eeligon
0%
Mario & Luigi: Bowser's Inside Story Dark Fawful
0%
Mario & Luigi: Bowser's Inside Story Dark Fawful Bomb
0%
Mario & Luigi: Bowser's Inside Story Dark Fawful Guy
0%
Super Paper Mario Dark Fire Bro
0%
Super Paper Mario Dark Fuzzy
0%
Princess Peach: Showtime! Dark Ghost Swordsman
0%
Princess Peach: Showtime! Dark Giant UFO
0%
Super Paper Mario Dark Growmeba
0%
Super Paper Mario Dark Hammer Bro
0%
Super Paper Mario Dark Headbonk Goomba
0%
Super Paper Mario Dark Jawbus
0%
Princess Peach: Showtime! Dark Kung Fu Master
0%
Super Paper Mario Dark Magikoopa
0%
Mario & Luigi: Bowser's Inside Story Dark Mechawful
0%
Mario & Luigi: Bowser's Inside Story Dark Mechawful.5
0%
Mario + Rabbids: Sparks of Hope Darkmess Bowser
0%
Mario + Rabbids: Sparks of Hope Darkmess Edge
0%
Mario + Rabbids: Sparks of Hope Darkmess Eye
0%
Mario + Rabbids: Sparks of Hope Darkmess Rabbid Mechakoopa
0%
Mario + Rabbids: Sparks of Hope Darkmess Taproot
0%
Super Paper Mario Dark Mini-Sproing
0%
Super Paper Mario Dark Muth
0%
Princess Peach: Showtime! Dark Ninja
0%
Super Paper Mario Dark Ninjoe
0%
Super Paper Mario Dark Ruff Puff
0%
Mario & Luigi: Bowser's Inside Story Dark Satellmite
0%
Mario & Luigi: Bowser's Inside Story Dark Satellmite X
0%
Super Paper Mario Dark Shlurp
0%
Super Paper Mario Dark Sproing-Oing
0%
Super Paper Mario Dark Squiglet
0%
Mario & Luigi: Bowser's Inside Story Dark Star
0%
Mario & Luigi: Bowser's Inside Story Dark Star Core
0%
Mario & Luigi: Bowser's Inside Story Dark Star X
0%
Princess Peach: Showtime! Dark Swordfighter
0%
Princess Peach: Showtime! Dark Top Skater
0%
Virtual Boy Wario Land Dark Tortoise
0%
Mario & Luigi: Bowser's Inside Story Dark Trashure
0%
Yoshi Topsy-Turvy Daruma Otoshi-kun
0%
Wario: Master Of Disguise DaVincheese
0%
DK: King Of Swing Davy Bones
0%
Wario Land II D-Bat
0%
Yoshi's Island DS Debull
0%
Wario Land 4 Deburina
0%
Mario + Rabbids: Sparks of Hope Deep Freeze
0%
Mario & Luigi: Bowser's Inside Story DEF Pep
0%
Wario Land: Super Mario Land 3 Demon Bat
0%
Wario Land 4 Denden
0%
Mario + Rabbids: Sparks of Hope Depleter
0%
Wario Land: Super Mario Land 3 Devil's Head
0%
Wario Land 4 Dice
0%
Mario & Luigi: Bowser's Inside Story + Bowser Jr.'s Journey Dieter
0%
Luigi's Mansion 3 Diffusing Goob
0%
Luigi's Mansion 3 Diffusing Hammer
0%
Wario World DinoMighty
0%
Super Mario RPG: The Legend of the Seven Stars Director
0%
Luigi's Mansion 3 Disco Hammer
0%
Princess Peach: Showtime! Disco Wing
0%
Dr. Luigi Dizzy
0%
Super Mario World 2: Yoshi's Island Dizzy Dandy
0%
Luigi's Mansion 3 DJ Phantasmagloria
0%
Yoshi Story Do-Drop
0%
Donkey Kong 64 Dogadon
0%
Super Mario Land 2: Six Golden Coins Dokanto
0%
Wario Land 3 Doll Boy
0%
Super Mario RPG: The Legend of the Seven Stars Domino
0%
Yoshi Story Don Bongo
0%
Super Mario Land 2: Six Golden Coins Dondon
0%
Yoshi's Crafted World Donguri Heyho
0%
Yoshi's New Island Door Guy
0%
Wario World Door Spirit
0%
Super Mario RPG: The Legend of the Seven Stars Doppel
0%
Donkey Kong (Game Boy) Dorakyu
0%
Donkey Kong (Game Boy) Doriyi
0%
Paper Mario: Colour Splash Dot Bullet Bill
0%
Paper Mario: Colour Splash Dot Goomba
0%
Paper Mario: Colour Splash Dot Lava Bubble
0%
Donkey Kong (Game Boy) Dotty
0%
Donkey Kong Jungle Beat Double Tusk
0%
Wario Land 3 Doughnuteer
0%
Wario's Woods Dovo
0%
Donkey Kong Country: Tropical Freeze Dozy
0%
Captain Toad: Treasure Tracker Draggadon
0%
Super Mario 3D Land Draglet
0%
DK: Jungle Climber Draglinger
0%
Mario & Luigi: Dream Team Dreamcap
0%
Mario & Luigi: Dream Team Dreamcap Captain
0%
Mario & Luigi: Dream Team Dreamcap Captain R
0%
Mario & Luigi: Dream Team Dreamcap R
0%
Mario & Luigi: Dream Team Dreamy Sandoon
0%
Super Mario World 2: Yoshi's Island Dr. Freezegood
0%
Mario & Luigi: Bowser's Inside Story Dried Blooper
0%
Mario & Luigi: Bowser's Inside Story Drillbit Crab
0%
Mario & Luigi: Brothership Drillby
0%
Mario & Luigi: Brothership Drillby R
0%
Mario & Luigi: Dream Team Dromba
0%
Yoshi's Island DS Drool Hard
0%
Wario Land: Super Mario Land 3 Dropper
0%
Dr. Luigi Drowsy
0%
Luigi's Mansion 3 Dr. Potter
0%
Mario & Luigi: Partners in Time Dr. Shroob
0%
Paper Mario: Colour Splash Dry Bones 5-Stack
0%
Wario World Dual Dragon
0%
Paper Mario: The Thousand Year Door Dull Bones
0%
Wario Land II Dunk
0%
Mario & Luigi: Dream Team Durapurl
0%
Mario & Luigi: Bowser's Inside Story Durmite
0%
Mario & Luigi: Bowser's Inside Story Durmite X
0%
Super Mario RPG: The Legend of the Seven Stars Earth Crystal
0%
Paper Mario: The Origami King Earth Vellumental
0%
Mario & Luigi: Dream Team Earthwake
0%
Mario & Luigi: Dream Team Earthwake X
0%
Mario & Luigi: Superstar Saga Eeker
0%
New Super Mario Bros. Wii Eep Cheep
0%
Super Mario World Eerie
0%
Super Mario RPG: The Legend of the Seven Stars Eggbert
0%
Yoshi's Island DS Egg-enut
0%
Super Mario World 2: Yoshi's Island Eggo-Dil
0%
Wrecking Crew Eggplant Man
0%
Wario Land 4 Eggplant Warrior
0%
Mario & Luigi: Partners in Time Elasto-Piranha
0%
Mario & Luigi: Partners in Time Elder Princess Shroob
0%
Mario & Luigi: Partners in Time Elder Shrooboid
0%
Donkey Kong Country Returns Electrasquid
0%
Super Mario Galaxy Electric Bazooka
0%
Luigi's Mansion 3 Electric Oozer
0%
Donkey Kong Country: Tropical Freeze Electrified Anenome
0%
Super Mario Sunshine Electro-Koopa King
0%
Mario & Luigi: Partners in Time Elite Boom Guy
0%
Mario & Luigi: Superstar Saga Elite Chuck Guy
0%
Mario & Luigi: Superstar Saga Elite Dry Bones
0%
Mario & Luigi: Bowser's Inside Story Elite Goombule
0%
Mario & Luigi: Superstar Saga Elite Limbo Bro
0%
Mario & Luigi: Superstar Saga Elite Pestnut
0%
Mario & Luigi: Superstar Saga Elite Troopea
0%
Mario Kart Tour Exploring Shy Guy
0%
Mario & Luigi: Dream Team Eyepi'illo
0%
Virtual Boy Wario Land Face Ball
0%
Super Mario RPG: The Legend of the Seven Stars Factory Chief
0%
Donkey Kong (Game Boy) Faiachu
0%
Super Mario 3D Land Fake Block
0%
Wario's Woods Fake Wario
0%
Yoshi's New Island Fake Yoshi
0%
Super Mario World 2: Yoshi's Island Fang
0%
Donkey Kong Land Fangfish
0%
Wario World Fattington
0%
Wario's Woods Fauster
0%
Super Mario RPG: The Legend of the Seven Stars Fautso
0%
Mario & Luigi: Bowser's Inside Story Fawflant
0%
Mario & Luigi: Bowser's Inside Story Fawflopper
0%
Mario & Luigi: Bowser's Inside Story Fawfulcopter
0%
Mario & Luigi: Bowser's Inside Story Fawful Express
0%
Mario & Luigi: Bowser's Inside Story Fawful Guy
0%
Mario & Luigi: Bowser's Inside Story Fawful Mountain
0%
Dr. Mario Fever
0%
Mario + Rabbids: Sparks of Hope Fieldbreaker
0%
Super Mario Bros. Wonder Fiery Note Piranha
0%
Super Mario RPG: The Legend of the Seven Stars Fink Flower
0%
Donkey Kong Country: Tropical Freeze Finley
0%
Donkey Kong Country: Tropical Freeze Fire Archy
0%
Donkey Kong Jungle Beat Fire Bakky
0%
Super Mario Land 2: Six Golden Coins Fireball Boy
0%
Mario vs. Donkey Fire Bird
0%
Donkey Kong Country Returns Firebite
0%
Paper Mario: Colour Splash Fire Bro 8-Stack
0%
Super Mario RPG: The Legend of the Seven Stars Fire Crystal
0%
Luigi's Mansion Fire Elemental Ghost
0%
Yoshi's New Island Fire Incoming Chomp
0%
Donkey Kong Jungle Beat Fire Mini-Iga
0%
DK: King Of Swing Fire Necky
0%
Super Mario Bros. 3 Fire Nipper Plant
0%
Virtual Boy Wario Land Fire Octopus
0%
Donkey Kong Jungle Beat Fire Pig Poppo
0%
Wario Land 3 Fire Robota
0%
Super Mario Galaxy Fire Shooter
0%
Mario vs. Donkey Fire Shy Guy
0%
Super Mario Bros. Wonder Fire Sike
0%
Paper Mario: The Origami King Fire Vellumental
0%
Donkey Kong Country: Tropical Freeze Fish Poker Pops
0%
Super Mario Galaxy 2 Fizzlit
0%
Virtual Boy Wario Land Flame Mask-Guy
0%
Super Mario 64 Flame Thrower
0%
Mario & Luigi: Dream Team Flaming Antasmaton
0%
Mario + Rabbids: Sparks of Hope Flamin' Golem
0%
Donkey Kong Country Returns Flaming Tiki Buzz
0%
Mario + Rabbids: Sparks of Hope Flamin' Stooge
0%
Captain Toad: Treasure Tracker Flaptor
0%
Luigi's Mansion Flash
0%
Yoshi's Island DS Fleeper
0%
Donkey Kong Jungle Beat Fleet Roc
0%
Mario & Luigi: Dream Team Flibbee
0%
Mario & Luigi: Dream Team Flibbee R
0%
Mario & Luigi: Bowser's Inside Story Flifit
0%
Super Mario World 2: Yoshi's Island Flightless Goonie
0%
Super Mario World 2: Yoshi's Island Flightless Skeleton Goonie
0%
Wario Land: Shake It! Flimflam
0%
Super Mario Galaxy Flipbug
0%
Donkey Kong 64 Flipflap
0%
New. Super Mario Bros. U Fliprus
0%
Wario Land: Shake It! Flipsting
0%
Donkey Kong Country 2: Diddy's Kong Quest Flitter
0%
Wario Land: Super Mario Land 3 Floater
0%
Wario Land: Shake It! Floating Bandinero
0%
Super Mario Land 2: Six Golden Coins Floating Face
0%
Super Mario Galaxy 2 Flomp
0%
Yoshi's Woolly World Flooff
0%
Mario & Luigi: Brothership Floopfly
0%
Super Mario 3D Land Flophopper
0%
Super Mario World 2: Yoshi's Island Flopsy Fish
0%
Super Mario 3D World Flopter
0%
Donkey Kong Country 2: Diddy's Kong Quest Flotsam
0%
Mario & Luigi: Dream Team Flounderflage
0%
Yoshi's Woolly World Fluffy Phantom
0%
Wario: Master Of Disguise Fluffy The Dolphin
0%
Super Mario Bros. 2 Flurry
0%
Yoshi's Crafted World Fly Heyho
0%
Virtual Boy Wario Land Flying Fowl
0%
Super Mario Bros. Wonder Flying Mechakoopa
0%
Mario Kart 7 Flying Shy Guy
0%
Wario World Flying Spade
0%
New Super Mario Bros. Wii Foo
0%
Mario & Luigi: Brothership Foopfly R
0%
Paper Mario Forest Fuzzy
0%
Super Mario RPG: The Legend of the Seven Stars Forkie
0%
Wrecking Crew '98 Forkun
0%
Super Paper Mario Frackle
0%
Yoshi's Woolly World Frame Boo
0%
Yoshi's Woolly World Frame Chomp
0%
Wario World Freeze Cannon
0%
Donkey Kong Country: Tropical Freeze Fritz
0%
Super Mario RPG: The Legend of the Seven Stars Frogog
0%
Donkey Kong Country Returns Frogoon
0%
Super Mario World 2: Yoshi's Island Frog Pirate
0%
Donkey Kong Country: Tropical Freeze Fugu
0%
Donkey Kong (Game Boy) Furafurawa
0%
Yoshi's New Island Furious Fred De Fillet
0%
Super Mario 3D World + Bowser's Fury Fury Shadow
0%
Wario Land 3 Futamogu
0%
Mario & Luigi: Superstar Saga Fuzzbush
0%
Super Mario 3D World Fuzzler
0%
Super Mario World Fuzzy
0%
Paper Mario: The Thousand Year Door Fuzzy Horde
0%
Paper Mario: Colour Splash Fuzzy Stack
0%
Yoshi Story Fuzzy Wiggler
0%
Super Mario 64 Fwoosh
0%
Yoshi Story Gabon
0%
Wario: Master Of Disguise Galley Cat
0%
Super Mario Land Ganchan
0%
Super Mario Land Gao
0%
Luigi's Mansion Garbage Can Ghost
0%
Mario + Rabbids: Kingdom Battle Garden Hopper
0%
Mario + Rabbids: Kingdom Battle Garden Smasher
0%
Mario + Rabbids: Kingdom Battle Garden Ziggy
0%
Super Mario World 2: Yoshi's Island Gargantua Blargg
0%
Super Mario RPG: The Legend of the Seven Stars Gassox
0%
Wrecking Crew '99 Gata Gata
0%
Wario World Gatorbaby
0%
Yoshi's Crafted World Gator Train
0%
Wario Land: Super Mario Land 3 Gaugau
0%
Super Paper Mario Gawbus
0%
Super Mario RPG: The Legend of the Seven Stars Geckit
0%
Super Mario RPG: The Legend of the Seven Stars Gecko
0%
Wario Land: Super Mario Land 3 Genie
0%
Super Mario World 2: Yoshi's Island Georgette Jelly
0%
Donkey Kong (Game Boy) Gessori
0%
Donkey Kong Jungle Beat Ghastly King
0%
Luigi's Mansion Ghost Bat
0%
Super Mario Land 2: Six Golden Coins Ghost Goomba
0%
Mario + Rabbids: Sparks of Hope Ghostly Walker
0%
Luigi's Mansion Ghost Mouse
0%
Mario & Luigi: Partners in Time Ghoul Guy
0%
Wario Land II Giant Bee
0%
Donkey Kong Barrel Blast Giant Centipede
0%
Donkey Kong Country Returns Giant Chomp
0%
Donkey Kong Land Giant Clam
0%
Mario + Rabbids: Sparks of Hope Giant Depleter
0%
Mario + Rabbids: Sparks of Hope Giant Flamin' Stooge
0%
Super Mario Galaxy Giant Gringill
0%
Super Princess Peach Giant Kamek
0%
Mario + Rabbids: Sparks of Hope Giant Magikoopa
0%
Mario + Rabbids: Sparks of Hope Giant Magnafowl
0%
Wario Land II Giant Snake
0%
Wario Land II Giant Spear Man
0%
Donkey Kong 64 Giant Spider
0%
Mario + Rabbids: Sparks of Hope Giant Squashette
0%
Donkey Kong Barrel Blast Giant Squid
0%
Princess Peach: Showtime! Giant Thorn of Darkness
0%
Donkey Kong 64 Giant Viking Kremling
0%
Mario + Rabbids: Sparks of Hope Giant Wildclaw
0%
Donkey Kong Country Returns Giga Goro Ball
0%
Donkey Kong Country Returns Giga Rangwi
0%
Yoshi's Island DS Gilbert The Gooey
0%
Luigi's Mansion 3 Ginny
0%
Super Princess Peach Glad Blooper
0%
Super Princess Peach Glad Bob-omb
0%
Super Princess Peach Glad Fang
0%
Super Princess Peach Glad Parabomb
0%
Super Princess Peach Glad Piranha Plant
0%
Super Princess Peach Glad Ptooie
0%
Super Princess Peach Glad Red Koopa
0%
Super Princess Peach Glad Red Paratroopa
0%
Mario & Luigi: Bowser's Inside Story Glam Lakitu
0%
Wario Land 4 Glass Bird
0%
Donkey Kong Country 3: Dixie Kong's Double Trouble Gleamin' Bream
0%
Yoshi's Island DS Glide Guy
0%
Donkey Kong Jungle Beat Gloat-Hog
0%
Mario & Luigi: Brothership Glohm Boo
0%
Mario & Luigi: Brothership Glohm Bumbleshoot
0%
Mario & Luigi: Brothership Glohm Capnap
0%
Mario & Luigi: Brothership Glohm Curlup
0%
Mario & Luigi: Brothership Glohm Drillby
0%
Mario & Luigi: Brothership Glohm Drillby R
0%
Mario & Luigi: Brothership Glohm Foopfly
0%
Mario & Luigi: Brothership Glohm Foopfly R
0%
Mario & Luigi: Brothership Glohm Guardarm
0%
Mario & Luigi: Brothership Glohm Helmet Zok Trooper
0%
Mario & Luigi: Brothership Glohm Icead
0%
Mario & Luigi: Brothership Glohm Invisilizard
0%
Mario & Luigi: Brothership Glohm Invisilizard R
0%
Mario & Luigi: Brothership Glohm Jet Zok Trooper
0%
Mario & Luigi: Brothership Glohm Krode
0%
Mario & Luigi: Brothership Glohm Magmad
0%
Mario & Luigi: Brothership Glohm Millton
0%
Mario & Luigi: Brothership Glohm Parashoot
0%
Mario & Luigi: Brothership Glohm Piranha Plant
0%
Mario & Luigi: Brothership Glohm Ring Zok Trooper
0%
Mario & Luigi: Brothership Glohm Shower Fish
0%
Mario & Luigi: Brothership Glohm Shy Guy
0%
Mario & Luigi: Brothership Glohm Soreboar
0%
Mario & Luigi: Brothership Glohm Spike
0%
Mario & Luigi: Brothership Glohm Spikely
0%
Mario & Luigi: Brothership Glohm Spike Zok Trooper
0%
Mario & Luigi: Brothership Glohm Zokkarang Trooper
0%
Mario & Luigi: Brothership Glohn Hammer Bro
0%
Donkey Kong Bananza Gloominoid
0%
Donkey Kong Land Gloop
0%
Super Mario RPG: The Legend of the Seven Stars Glum Reaper
0%
Mario & Luigi: Superstar Saga Glurp
0%
Mario & Luigi: Partners in Time Gnarantula
0%
Mario Paint Gnat
0%
Mario Paint Gnat Bomb
0%
Mario Paint Gnat Parent
0%
Super Mario Bros. Wonder Gnawsher
0%
Yoshi's Island DS Gobblin
0%
Wario Land: Super Mario Land 3 Goboten
0%
Super Mario RPG: The Legend of the Seven Stars Goby
0%
Wario Land 4 Goggley-Blade
0%
New Super Mario Bros. 2 Gold Banzai
0%
New Super Mario Bros. 2 Gold Big Boo
0%
New Super Mario Bros. 2 Gold Big Piranha Plant
0%
New Super Mario Bros. 2 Gold Cheep Cheep
0%
Captain Toad: Treasure Tracker Gold Draggadon
0%
Super Mario Galaxy Golden Chain Chomo
0%
Wario Land 4 Golden Diva
0%
Luigi's Mansion 3 Golden Goob
0%
Super Mario Galaxy 2 Golden Gummit
0%
Mario & Luigi: Brothership Golden Seedle
0%
New Super Mario Bros. 2 Gold Fire Piranha Plant
0%
Luigi's Mansion Gold Ghost
0%
New Super Mario Bros. 2 Gold Goomba Tower
0%
Luigi's Mansion: Dark Moon Gold Greenie
0%
New Super Mario Bros. 2 Gold Koopa Paratroopa
0%
Mario & Luigi: Partners in Time Gold Koopeleon
0%
New Super Mario Bros. 2 Gold Lakitu
0%
Super Mario Bros. Wonder Gold Metal Gamboo
0%
New Super Mario Bros. 2 Gold Mini Goomba
0%
Donkey Kong Jungle Beat Gold Mini Slump Bird
0%
Luigi's Mansion Gold Mouse
0%
New Super Mario Bros. 2 Gold Paragoomba
0%
Super Princess Peach Gold Torpedo Ted
0%
Donkey Kong Country Returns Gong-Oh
0%
Super Mario Sunshine Gooble
0%
Luigi's Mansion 3 Goob the Magnificent
0%
Yoshi's Island DS Gooey Goon
0%
Mario & Luigi: Bowser's Inside Story Goombule
0%
Mario & Luigi: Superstar Saga Goomdiver
0%
Super Mario World 2: Yoshi's Island Goonie
0%
Donkey Kong Country: Tropical Freeze Gordo
0%
Super Mario RPG: The Legend of the Seven Stars Gorgon
0%
Wario's Woods Goro
0%
Super Mario Land 2: Six Golden Coins Goronto
0%
Donkey Kong Jungle Beat Gorumondo
0%
Wrecking Crew Gotchawrench
0%
Super Mario RPG: The Legend of the Seven Stars Grand Troopa
0%
Princess Peach: Showtime! Grape
0%
Donkey Kong Jungle Beat Grave Tusk
0%
Super Mario RPG: The Legend of the Seven Stars Greaper
0%
Mario & Luigi: Brothership Great Conductor
0%
Super Mario Bros. Wonder Green Bloomp
0%
Donkey Kong Country Returns Green Chomp
0%
Donkey Kong Country: Tropical Freeze Green Fish
0%
Wario World Greenfist
0%
Luigi's Mansion Green Flying Fish
0%
Super Mario Bros. Wonder Green Gamboo
0%
Super Mario World 2: Yoshi's Island Green Glove
0%
Mario & Luigi: Bowser's Inside Story Green Nooz
0%
Super Mario Bros. Wonder Green Pokipede
0%
Super Mario Bros. Wonder Green Sugarstar
0%
Super Mario Sunshine Green Swipin' Stu
0%
Dr. Mario World Green Virus
0%
Super Mario World 2: Yoshi's Island Grim Leecher
0%
Super Mario 64 Grindel
0%
Mario & Luigi: Dream Team Grobot
0%
Mario & Luigi: Dream Team Grobot X
0%
Mario & Luigi: Dream Team Gromba
0%
Paper Mario Groove Guy
0%
Luigi's Mansion: Dark Moon Grouchy Possessor
0%
Super Mario Galaxy Ground Urchin
0%
Super Paper Mario Growmeba
0%
Super Mario Land 2: Six Golden Coins Grubby
0%
Mario & Luigi: Dream Team Grumbell
0%
Donkey Kong Bananza Grumpy Kong
0%
Wario Land: Shake It! Grunchin
0%
Super Mario World 2: Yoshi's Island | Wario Land II Grunt
0%
Mario & Luigi: Brothership Guardarm
0%
Mario & Luigi: Partners in Time Guardian Shroob
0%
Super Mario RPG: The Legend of the Seven Stars Guerrila
0%
Wario Land II Gugi
0%
Super Mario Galaxy 2 Gummit
0%
Super Mario Land Gunion
0%
Mario & Luigi: Superstar Saga Gunner Guy
0%
Super Mario RPG: The Legend of the Seven Stars Gunyolk
0%
Wario Land: Super Mario Land 3 Guragura
0%
Mario & Wario Guriguri
0%
Wrecking Crew '98 Guruccho
0%
Super Mario World 2: Yoshi's Island | Yoshi Topsy-Turvy Gusty
0%
Donkey Kong (Game Boy) Gyatoru
0%
Wario World Haipo
0%
Wario Land 3 Hammer-Bot
0%
Luigi's Mansion 3 Hammersaurus Rex
0%
Mario & Luigi: Partners in Time Handfake
0%
Yoshi's Island DS Hanging Blow Hard
0%
Donkey Kong Land Hard Hat
0%
Donkey Kong Jungle Beat Hard Roc
0%
Donkey Kong Country: Tropical Freeze Harey
0%
Wario Land 3 Haridama
0%
Wario Land 4 Harimen Zetto
0%
Wario Land: Super Mario Land 3 Harisu
0%
Donkey Kong Country: Tropical Freeze Harold
0%
Super Mario World 2: Yoshi's Island Harry Hedgehog
0%
Luigi's Mansion: Dark Moon Harsh Possessor
0%
Wario: Master Of Disguise Head Honcho Carpaccio
0%
Super Mario World 2: Yoshi's Island Heading Pokey
0%
Super Mario 64 Heave-Ho
0%
New Super Mario Bros. Wii Heavy Para-Beetle
0%
Mario & Luigi: Dream Team Heavy Zest
0%
Wario Land 3 Hebarii
0%
Yoshi's Island DS Hector The Reflector
0%
New Super Mario Bros. Wii Hefty Goomba
0%
Super Mario World 2: Yoshi's Island Hefty Goonie
0%
Super Mario Bros. Wonder Hefty Smogrin
0%
Super Mario Bros. Wonder Hefty Swirlypod
0%
Super Mario RPG: The Legend of the Seven Stars | Wario Land 3 Helio
0%
Luigi's Mansion 3 Hellen Gravely
0%
Mario & Luigi: Brothership Helmet Zok Trooper
0%
Wario Land: Super Mario Land 3 Helmut
0%
Luigi's Mansion Henry and Orville
0%
Donkey Kong Country: Tropical Freeze Hermit Crab
0%
Mario & Luigi: Dream Team Hermite Crab
0%
Mario & Luigi: Dream Team Hermite Crab R
0%
Mario Kart World Hermity Cone
0%
Luigi's Mansion: Dark Moon Hider
0%
Super Mario RPG: The Legend of the Seven Stars Hippopo
0%
Super Mario 3D World Hisstocrat
0%
Super Mario RPG: The Legend of the Seven Stars Hobgoblin
0%
Wario Land 4 Hoggus
0%
Donkey Kong Land Hogwash
0%
Wario World Hoho
0%
Super Mario Galaxy 2 Homing Chomp
0%
Super Mario Land 2: Six Golden Coins Honebon
0%
Super Mario Land Honen
0%
Virtual Boy Wario Land Honey Bee
0%
Mario & Luigi: Superstar Saga Hoohoolia
0%
Super Mario World 2: Yoshi's Island Hookbill the Koopa
0%
Yoshi's Woolly World Hook Guy
0%
Super Paper Mario Hooligon
0%
Super Mario Bros. 2 Hoopster
0%
Mario & Luigi: Dream Team Hooraw
0%
Mario & Luigi: Dream Team Hooraw X
0%
Donkey Kong Country: Tropical Freeze Hootz
0%
Super Mario 3D World Hop-Chop
0%
Donkey Kong Country Returns Hopgoon
0%
Super Mario World 2: Yoshi's Island Hopping Tap-Tap
0%
Super Mario Bros. Wonder Hoppycat
0%
Wario: Master Of Disguise Horkus Porkus
0%
Super Mario 3D World Horned Ant Trooper
0%
Virtual Boy Wario Land Horned Frog
0%
Virtual Boy Wario Land Horned Spearman
0%
Donkey Kong Country: Tropical Freeze Horror Gills
0%
Wario Land 4 Hotaru
0%
Yoshi's Woolly World Hot Dog
0%
Donkey Kong Country: Tropical Freeze Hot Hootz
0%
Super Mario World 2: Yoshi's Island Hot Lips
0%
Wario Land: Shake It! Hot Roderick
0%
New Super Mario Bros. Wii Huckit Crab
0%
Donkey Kong Country Returns Humzee
0%
Donkey Kong Barrel Blast Hurley
0%
Paper Mario: The Thousand Year Door Hyper Spiky Goomba
0%
Mario & Luigi: Dream Team Icead
0%
Wario World Ice Ankiron
0%
Donkey Kong Jungle Beat Ice Bakky
0%
Super Mario Galaxy Ice Bubble
0%
Donkey Kong Country: Tropical Freeze Ice Dragon
0%
Luigi's Mansion Ice Elemental Ghost
0%
Donkey Kong Jungle Beat Ice Mini-Iga
0%
Mario & Luigi: Superstar Saga Ice Snifit
0%
Paper Mario: The Origami King Ice Vellumental
0%
Mario + Rabbids: Kingdom Battle Icicle Golem
0%
Wario World Icicle Mite
0%
Yoshi Story Ick Worm
0%
Yoshi Topsy-Turvy Igashira-kun
0%
Donkey Kong Jungle Beat Iguanagon
0%
Donkey Kong Bananza Illuminoid
0%
Wario Land 4 Imomushi
0%
Wario Land II Inamazu
0%
Super Mario World 2: Yoshi's Island Incoming Chomp
0%
Donkey Kong Bananza Inflammonite
0%
Super Mario 3D Land Inky Piranha Plant
0%
Mario & Luigi: Partners in Time Intern Shroob
0%
Yoshi's Island DS Invisighoul
0%
Yoshi Story Inviso
0%
Wario World Ironsider
0%
Super Mario World 2: Yoshi's Island Itsunomanika Heiho
0%
Super Mario RPG: The Legend of the Seven Stars Jabit
0%
Super Mario Land 2: Six Golden Coins Jack-in-the-Box
0%
Wario: Master Of Disguise Jack the Knife
0%
Super Mario RPG: The Legend of the Seven Stars Jagger
0%
Mario & Luigi: Bowser's Inside Story Jailgoon
0%
Wario Land 3 Jamano
0%
Super Mario Galaxy Jammyfish
0%
Super Mario Galaxy Jam O' War
0%
Luigi's Mansion Jarvis
0%
Super Paper Mario Jawbus
0%
Super Mario RPG: The Legend of the Seven Stars Jawful
0%
Super Mario World 2: Yoshi's Island Jean de Fillet
0%
Super Mario Bros. 3 Jelectro
0%
Super Paper Mario Jellien
0%
Wario Land: Shake It! Jellopus
0%
New Super Mario Bros. Wii Jellybeam
0%
Donkey Kong Country Returns Jellybob
0%
Donkey Kong Country: Tropical Freeze | Yoshi Story Jellyfish
0%
Donkey Kong Jungle Beat Jelly Fish
0%
Yoshi Story Jelly Ghost
0%
Wrecking Crew '98 Jenya
0%
Super Mario RPG: The Legend of the Seven Stars Jester
0%
Mario Kart World Jet Ski Shy Guy
0%
Mario & Luigi: Brothership Jet Zok Trooper
0%
Luigi's Mansion 3 Jewel Goob
0%
Super Mario RPG: The Legend of the Seven Stars Jinx Clone
0%
Paper Mario: Colour Splash Juggler Bro
0%
Yoshi's Crafted World Juggling Heyho
0%
Super Mario World Jumping Fire Piranha Plant
0%
Mario & Luigi: Partners in Time Junior Shrooboid
0%
Mario & Luigi: Bowser's Inside Story Junker
0%
Mario & Luigi: Bowser's Inside Story Junker Can
0%
Mario & Luigi: Bowser's Inside Story Junker Can X
0%
Mario & Luigi: Bowser's Inside Story Junker X
0%
DK: Jungle Climber Junklomp
0%
Super Mario RPG: The Legend of the Seven Stars K-9
0%
Wario: Master Of Disguise K9 Cannon
0%
Wario: Master Of Disguise Ka-Bloom!
0%
Donkey Kong Country 2: Diddy's Kong Quest Kaboing
0%
Donkey Kong Country 2: Diddy's Kong Quest Kaboom
0%
Super Mario World 2: Yoshi's Island Kaboomba
0%
Donkey Kong 3 Kabutomushi
0%
Donkey Kong Country 2: Diddy's Kong Quest Kackle
0%
Wario Land 4 Kaentsubo
0%
Donkey Kong (Game Boy) Kaibado
0%
Mario & Luigi: Bowser's Inside Story + Bowser Jr.'s Journey Kaley
0%
Donkey Kong Jungle Beat Kamikami
0%
Wario Land II Kamukamu
0%
Donkey Kong (Game Boy) Kanyi
0%
Donkey Kong Country 3: Dixie Kong's Double Trouble KAOS
0%
Donkey Kong Country 3: Dixie Kong's Double Trouble KAOS MK. II
0%
Super Mario Land 2: Six Golden Coins Karakara
0%
Donkey Kong Jungle Beat Karate Kong
0%
Donkey Kong Country 3: Dixie Kong's Double Trouble Karbine
0%
Donkey Kong Jungle Beat Karikari
0%
Donkey Kong Country 2 (GBA) Kerozene
0%
Super Mario Bros. Wonder Kerpop
0%
Donkey Kong Jungle Beat Kiba Pig Poppo
0%
Super Mario Land 2: Six Golden Coins Kiddokatto
0%
Donkey Kong Country 3: Dixie Kong's Double Trouble Killer Bees
0%
Super Mario RPG: The Legend of the Seven Stars King Bomb
0%
Super Mario RPG: The Legend of the Seven Stars King Calamari
0%
Yoshi's New Island King Clawdaddy
0%
Yoshi Topsy-Turvy King Debuho
0%
Super Mario 3D World King Ka-Thunk
0%
Luigi's Mansion 3 King MacFrights
0%
Mario Pinball Land King Tut
0%
Mario Paint King Watinga
0%
Donkey Kong Country 2: Diddy's Kong Quest King Zing
0%
Super Mario 3D World + Bowser's Fury Kitten
0%
Super Mario Sunshine Klamber
0%
Donkey Kong Country 2: Diddy's Kong Quest Klampon
0%
Donkey Kong Country 2: Diddy's Kong Quest Klank
0%
Donkey Kong Country 3: Dixie Kong's Double Trouble Klasp
0%
Donkey Kong Country 2: Diddy's Kong Quest Kleever
0%
Super Mario 64 Klepto
0%
Super Mario Galaxy 2 Kleptoad
0%
Donkey Kong Country 2: Diddy's Kong Quest Klinger
0%
Donkey Kong Country 2: Diddy's Kong Quest Kloak
0%
Donkey Kong Country 2: Diddy's Kong Quest Klubba
0%
Super Mario RPG: The Legend of the Seven Stars Knife Guy
0%
Donkey Kong Country 3: Dixie Kong's Double Trouble Knik-Knak
0%
Donkey Kong Country 3: Dixie Kong's Double Trouble Knocka
0%
Yoshi's Woolly World Knot-Wing The Koopa
0%
Super Mario Odyssey Knuckelotec
0%
Wario Land 3 Kobatto
0%
Donkey Kong Country 3: Dixie Kong's Double Trouble Kobble
0%
Donkey Kong Jungle Beat Kobu Kokko
0%
Donkey Kong Country 3: Dixie Kong's Double Trouble Koco
0%
Donkey Kong Country 3: Dixie Kong's Double Trouble Koin
0%
Donkey Kong Country 3: Dixie Kong's Double Trouble Koindozer
0%
Super Mario Odyssey Komboo
0%
Super Princess Peach Komori
0%
Wario Land: Super Mario Land 3 Komori Missile
0%
Mario & Wario Komorin
0%
Mario vs Donkey Kong 2: March of the Minis Konga
0%
Donkey Kong Bananza Kong Turret
0%
Wario Land: Super Mario Land 3 Konotako
0%
Paper Mario: Colour Splash Koopa Paratroopa 10-Stack
0%
Paper Mario: Colour Splash Koopa Troopa 6-Stack
0%
Mario & Luigi: Partners in Time Koopeleon
0%
Donkey Kong Country 3: Dixie Kong's Double Trouble Kopter
0%
Donkey Kong 64 Kosha
0%
Donkey Kong Country Returns Kowalee
0%
Mario + Rabbids: Sparks of Hope Kraken
0%
Donkey Kong Country Returns Krazy Kalimba
0%
Donkey Kong Country 2: Diddy's Kong Quest Kreepy Krow
0%
Donkey Kong 64 Kremling Cop
0%
Super Mario RPG: The Legend of the Seven Stars Kriffid
0%
Donkey Kong Country 3: Dixie Kong's Double Trouble Krimp
0%
Donkey Kong Country 2: Diddy's Kong Quest Krockhead
0%
Mario & Luigi: Brothership Krode
0%
Mario & Luigi: Brothership Krode R
0%
Donkey Kong Country 2: Diddy's Kong Quest Krook
0%
Donkey Kong Bananza K. Rool Cannon
0%
Donkey Kong Bananza K. Rool, King of Rot
0%
Mario & Luigi: Dream Team Krubbish
0%
Luigi's Mansion 3 Kruller
0%
Donkey Kong Country 3: Dixie Kong's Double Trouble Krumple
0%
Donkey Kong Country 2: Diddy's Kong Quest Kruncha
0%
Donkey Kong Country 3: Dixie Kong's Double Trouble Kuchuka
0%
Donkey Kong Country 2: Diddy's Kong Quest Kudgel
0%
Donkey Kong Country 3: Dixie Kong's Double Trouble Kuff 'n' Klout
0%
Super Mario Land Kumo
0%
Wario Land 3 Kuri
0%
Super Mario Land 2: Six Golden Coins Kurokyura
0%
Wario Land 3 Kushimushi
0%
Donkey Kong Country 2: Diddy's Kong Quest Kutlass
0%
Super Mario Land 2: Six Golden Coins Kyororo
0%
Super Mario Land 2: Six Golden Coins Kyotonbo
0%
Mario & Luigi: Superstar Saga Lakipea
0%
Mario & Luigi: Partners in Time Lakitufo
0%
Mario & Luigi: Bowser's Inside Story Lakitu King
0%
Mario & Luigi: Dream Team Lakitu R
0%
Super Mario Bros. Wonder Lakitu Trio
0%
Super Mario World 2: Yoshi's Island Lantern Ghost
0%
Princess Peach: Showtime! Large Arm UFO
0%
New Super Mario Bros. Wii Large Chain Chomp
0%
Wario Land: Shake It! Large Fry
0%
Donkey Kong Country: Tropical Freeze Large Mimic
0%
Wario World Laser Jigglefish
0%
Mario & Luigi: Superstar Saga Laser Snifit
0%
Super Mario Bros. Wonder Lava Blobble
0%
Mario + Rabbids: Kingdom Battle Lava Buckler
0%
Paper Mario Lava Bud
0%
Super Mario Sunshine Lava Cheep Cheep
0%
Super Mario World 2: Yoshi's Island Lava Drop
0%
Yoshi Story Lava Ghost
0%
Mario + Rabbids: Kingdom Battle Lava Hopper
0%
Super Mario Bros. 3 Lava Lotus
0%
Mario + Rabbids: Kingdom Battle Lava Peek-a-Boo
0%
Mario + Rabbids: Kingdom Battle Lava Queen
0%
Mario + Rabbids: Kingdom Battle Lava Smasher
0%
Mario + Rabbids: Kingdom Battle Lava Supporter
0%
Mario + Rabbids: Kingdom Battle Lava Valkyrie
0%
Mario + Rabbids: Kingdom Battle Lava Ziggy
0%
Mario & Luigi: Bowser's Inside Story Leaf Guy
0%
Donkey Kong Country Returns Leaping Flame
0%
Mario Golf: Super Rush Legendary Hero
0%
Donkey Kong Country 3: Dixie Kong's Double Trouble Lemguin
0%
Donkey Kong Country: Tropical Freeze Lemmington
0%
Super Mario World 2: Yoshi's Island Lemon Drop
0%
Mario & Luigi: Partners in Time Lethal Bob-omb
0%
Luigi's Mansion 3 Lethal Goob
0%
Luigi's Mansion 3 Lethal Hammer
0%
Luigi's Mansion 3 Lethal Oozer
0%
Luigi's Mansion 3 Lethal Slinker
0%
Super Mario RPG: The Legend of the Seven Stars Leuko
0%
Princess Peach: Showtime! Light Fang
0%
Virtual Boy Wario Land Lightning Saucer
0%
Super Mario RPG: The Legend of the Seven Stars Li'l Boo
0%
Paper Mario: The Origami King Li'l Cutout Soldier
0%
Yoshi's Crafted World Li'l Marcher
0%
Super Mario Bros. Wonder Li'l Scorcher
0%
Yoshi's Woolly World Li'l Smooch Spider
0%
Mario & Luigi: Superstar Saga Limbo Bro
0%
Luigi's Mansion 3 Lindsey
0%
Yoshi Story Little Boo
0%
Virtual Boy Wario Land Little Face Ball
0%
Super Mario World 2: Yoshi's Island Little Mouser
0%
Super Mario World 2: Yoshi's Island Little Skull Mouser
0%
Mario Clash Lobb
0%
Mario & Luigi: Dream Team Lob-omb
0%
Mario & Luigi: Dream Team Lob-omb R
0%
Super Mario World 2: Yoshi's Island Loch Nestor
0%
Donkey Kong Country 2: Diddy's Kong Quest Lockjaw
0%
Mario + Rabbids: Sparks of Hope Lone Wolf
0%
Mario & Luigi: Partners in Time Love Bubble
0%
Mario Tennis Aces Lucien
0%
Wario Land 3 Lump
0%
Super Mario World 2: Yoshi's Island Lunge Fish
0%
Donkey Kong Country 3: Dixie Kong's Double Trouble | Wario: Master Of Disguise Lurchin
0%
Luigi's Mansion Lydia
0%
Super Mario World 2: Yoshi's Island Mace Guy
0%
Super Mario World 2: Yoshi's Island Mace Penguin
0%
Super Mario RPG: The Legend of the Seven Stars Mad Adder
0%
Luigi's Mansion Madame Clairvoya
0%
Super Princess Peach Mad Banzai Bill
0%
Super Princess Peach Mad Big Boo
0%
Super Princess Peach Mad Blurp
0%
Wario Blast: Featuring Bomberman! Madbombers
0%
Super Princess Peach Mad Bullet Bill
0%
Super Princess Peach Mad Goomba
0%
Super Princess Peach Mad Green Koopa
0%
Super Princess Peach Mad Green Paratroopa
0%
Wario: Master Of Disguise Mad Hat
0%
Super Mario RPG: The Legend of the Seven Stars Mad Mallet
0%
Super Princess Peach Mad Mecha Spike Top
0%
Donkey Kong Bananza Mad Mixer
0%
Super Princess Peach Mad Pokey
0%
Super Mario 3D World Madpole
0%
Super Princess Peach Mad Red Paragoomba
0%
Wario Land 3 Mad Scientistein
0%
Super Princess Peach Mad Spike
0%
Wario World Magician
0%
Mario & Luigi: Bowser's Inside Story Magifoofa
0%
Super Mario Galaxy 2 Magmaargh
0%
Mario & Luigi: Dream Team Magmad
0%
Virtual Boy Wario Land Magma Saucer
0%
Super Mario Odyssey Magmato
0%
Super Mario Galaxy 2 Magmaw
0%
Super Mario RPG: The Legend of the Seven Stars Magmite
0%
Super Mario RPG: The Legend of the Seven Stars Magmus
0%
Mario + Rabbids: Sparks of Hope Magnafowl
0%
Mario vs Donkey Kong 2: March of the Minis Magnet Sparky
0%
Wario World Magon
0%
Wario Land: Super Mario Land 3 Maizo
0%
Yoshi's Crafted World Makimaki
0%
Super Mario RPG: The Legend of the Seven Stars Malakoopa
0%
Mario & Luigi: Superstar Saga Malibut
0%
Donkey Kong Country: Tropical Freeze Mama Saw
0%
Yoshi's New Island Mame-san
0%
Mario & Luigi: Dream Team Mammoshka
0%
Mario & Luigi: Dream Team Mammoshka X
0%
Donkey Kong Country Returns Mangoruby
0%
Donkey Kong Country Returns Maraca Gang
0%
Paper Mario: Sticker Star Maraca Guy
0%
Super Mario World 2: Yoshi's Island Marching Milde
0%
Wario Land 4 Marumen
0%
Yoshi Touch & Go Marutchi
0%
Wario World Masked Clubber
0%
Super Mario Land 2: Six Golden Coins Masked Ghoul
0%
Virtual Boy Wario Land Mask Guy
0%
Super Mario RPG: The Legend of the Seven Stars Mastadoom
0%
Virtual Boy Wario Land Mastah Mosquito
0%
Donkey Kong Country Master Necky Snr.
0%
Super Mario Galaxy 2 Mattermouth
0%
Mario & Luigi: Bowser's Inside Story Mawful Mole
0%
Wario Land 4 Mayubird
0%
Mario & Luigi: Superstar Saga Mecha-Blooper
0%
Super Mario Galaxy | Super Mario Sunshine Mecha-Bowser
0%
New. Super Mario Bros. U Mecha-Cheep
0%
Mario & Luigi: Superstar Saga Mecha-Chomp
0%
Mario + Rabbids: Kingdom Battle Mecha Jr.
0%
Mario + Rabbids: Sparks of Hope Mecha King Bob-omb
0%
Wario Land II Mecha Kuri
0%
Wario Land 4 Mechanical Fish
0%
Donkey Kong 64 Mechanical Zinger
0%
Mario & Luigi: Bowser's Inside Story Mechawful
0%
Luigi's Mansion 3 Medic Goob
0%
Mario + Rabbids: Sparks of Hope Medician
0%
DK: Jungle Climber Mega Amp
0%
Super Mario Galaxy 2 Mega Boo
0%
New Super Mario Bros. Mega Dry Bones
0%
New. Super Mario Bros. U Mega Grrrol
0%
Super Mario World 2: Yoshi's Island Mega Guy
0%
Yoshi's New Island Mega Kantera
0%
New Super Mario Bros. Mega Maw-Ray
0%
Super Paper Mario Mega Muth
0%
Paper Mario: The Origami King Mega Paper Macho Pokey
0%
Super Mario RPG: The Legend of the Seven Stars Megasmilax
0%
Mario Kart 7 Mega Wiggler
0%
Super Mario Land Mekabon
0%
Wario: Master Of Disguise Mellow Kitty
0%
Luigi's Mansion Melody Pianissima
0%
Super Mario Bros. Wonder Melon Piranha Plant
0%
Wario Land 4 Menhanma
0%
Wario Land 4 Men'ono
0%
Luigi's Mansion 3 Mergoob
0%
Yoshi's New Island Metal Guy
0%
Donkey Kong Country Returns Metallic Tiki Zing
0%
Mario & Luigi: Bowser's Inside Story Metal Mawful Mole
0%
Luigi's Mansion Meteor Ghost
0%
Super Mario RPG: The Legend of the Seven Stars Mezzo Bomb
0%
Super Mario RPG: The Legend of the Seven Stars Microbomb
0%
Mario + Rabbids: Sparks of Hope Midnite
0%
Super Princess Peach Mihari
0%
Donkey Kong (Game Boy) Miira
0%
Super Mario Galaxy Mikey Mine
0%
Super Mario World 2: Yoshi's Island Milde
0%
Mario & Luigi: Brothership Millton
0%
Wario Land 4 Mine
0%
Super Paper Mario Mini-Boing
0%
Wario Land 4 Minicula
0%
Donkey Kong Jungle Beat Mini Elephant Cannon
0%
Luigi's Mansion 3 Mini Goob
0%
Luigi's Mansion 3 Mini Hammer
0%
Donkey Kong Jungle Beat Mini-Iga
0%
Super Mario Land 2: Six Golden Coins Minikyura
0%
Wario: Master Of Disguise Mini Munchelangelo
0%
Donkey Kong Jungle Beat Mini Panda
0%
Donkey Kong Jungle Beat Mini Pig Poppo
0%
Mario & Luigi: Dream Team Mini Pi'illoid
0%
Mario & Luigi: Dream Team Mini Pi'illoid X
0%
Donkey Kong Jungle Beat Mini Slump Bird
0%
Super Paper Mario Mini-Sproing
0%
Super Paper Mario Mini-Zoing
0%
Donkey Kong Country 3: Dixie Kong's Double Trouble Minkey
0%
Wario Land: Super Mario Land 3 Minotaur
0%
Luigi's Mansion Mirror Ghost
0%
Yoshi's Woolly World Miss Cluck
0%
Yoshi's Woolly World Miss Cluck the Insincere
0%
Donkey Kong Country 3: Dixie Kong's Double Trouble Missile Shell
0%
Luigi's Mansion Miss Petunia
0%
Wario Land 3 Mizu No Te
0%
Wario Land 3 Mizuuo
0%
Super Mario World 2: Yoshi's Island Mock Up
0%
Wario Land 4 Moguramen
0%
Donkey Kong Jungle Beat Mo-Hog
0%
Virtual Boy Wario Land Mole Burrower
0%
Donkey Kong Country Returns Mole Guard
0%
Donkey Kong Country Returns Mole Miner
0%
Donkey Kong Country Returns Mole Miner Max
0%
Donkey Kong Bananza Molevoloid
0%
Yoshi's Island DS Moltz The Very Goonie
0%
Mario & Luigi: Superstar Saga Mom Piranha
0%
Mario vs. Donkey Monchee
0%
Donkey Kong Country: Tropical Freeze Monocle Monica
0%
Mario & Luigi: Dream Team Monolift
0%
Mario & Luigi: Dream Team Monolift R
0%
Wario World Monster Doll
0%
Wario World Monstrous Magnet
0%
Yoshi's Woolly World Monty Mole Patch
0%
Super Mario Land 2: Six Golden Coins Moofish
0%
Luigi's Mansion 3 Morty
0%
Super Mario 3D Land Morty Mole
0%
Super Mario 3D World Motley Bossblob
0%
Mario Kart 7 Mountain Goat
0%
Mario & Luigi: Dream Team Mount Pajamaja
0%
Mario & Luigi: Dream Team Mount Pajamaja X
0%
Luigi's Mansion Mr. Bones
0%
Wario: Master Of Disguise Mr. Cheeky
0%
Donkey Kong 64 Mr. Dice
0%
Yoshi Story Mr. Eel
0%
Yoshi's Crafted World Mr. Geary
0%
Luigi's Mansion Mr. Luggs
0%
Wario Land 3 Mr. Moon
0%
Donkey Kong Bananza Muckety-Muck
0%
Super Mario RPG: The Legend of the Seven Stars Muckle
0%
Donkey Kong Bananza Muckoid
0%
Wario Land 3 Muddee
0%
Captain Toad: Treasure Tracker Mud Trooper
0%
Wario Land: Shake It! Mummer
0%
Wario World Mummy Ankiron
0%
Mario vs Donkey Kong 2: March of the Minis Mummy Guy
0%
Captain Toad: Treasure Tracker Mummy-Me
0%
Super Mario Bros. Wonder Mumsy
0%
Wario: Master Of Disguise Munchelangelo
0%
Donkey Kong Bananza Munchoid
0%
Paper Mario: Sticker Star Mural Goomba
0%
Paper Mario: Sticker Star Mural Koopa
0%
Donkey Kong Bananza Mush Snake
0%
Mario Kart 7 Music Bash
0%
Super Paper Mario Muth
0%
Luigi's Mansion Nana
0%
Mario & Luigi: Bowser's Inside Story Naplock
0%
Mario & Luigi: Bowser's Inside Story Napse
0%
Super Mario World 2: Yoshi's Island Naval Piranha
0%
Super Mario World 2: Yoshi's Island Needlenose
0%
Donkey Kong Country 2: Diddy's Kong Quest Neek
0%
Donkey Kong Land Nemo
0%
Luigi's Mansion 3 Neon Goob
0%
Super Mario World 2: Yoshi's Island Nep-Enut
0%
Luigi's Mansion Neville
0%
Donkey Kong Country 3: Dixie Kong's Double Trouble Nibbla
0%
Donkey Kong Country 3: Dixie Kong's Double Trouble Nid
0%
Wario: Master Of Disguise Nigel B. Whistlebottom
0%
Luigi's Mansion 3 Nikki
0%
Wario World Ninja Crow
0%
Donkey Kong Jungle Beat Ninja Kong
0%
Donkey Kong Jungle Beat Ninjape
0%
Yoshi's Island DS Nipper Dandelion
0%
Donkey Kong Jr. Nitpicker
0%
Super Mario Land 2: Six Golden Coins No. 48
0%
Wario Land 3 Nobiiru
0%
Super Mario Bros. Wonder NokNok
0%
Super Mario Land 2: Six Golden Coins Noko Bombette
0%
Wario: Master Of Disguise Noobis
0%
Wario Land: Shake It! Nosedozer
0%
Mario Kart: Double Dash!! Noshi
0%
Super Mario Land Nyolilin
0%
Super Mario Galaxy 2 Octoboo
0%
Wario Land 3 Octohon
0%
Super Mario RPG: The Legend of the Seven Stars Octolot
0%
Super Mario RPG: The Legend of the Seven Stars Octovader
0%
Super Mario RPG: The Legend of the Seven Stars Oerlikon
0%
Wario: Master Of Disguise Officer Kicksworth
0%
Mario & Luigi: Superstar Saga Oho Jee
0%
Mario & Luigi: Superstar Saga Oholina
0%
All Night Nippon: Super Mario Bros. OkaP
0%
Wario World Old Red-Mug
0%
Wario Land 3 Omodon
0%
Wario Land 3 Omodonmeka
0%
Wario Land 4 Onomi
0%
Luigi's Mansion 3 | Mario + Rabbids: Sparks of Hope Oozer
0%
Super Mario RPG: The Legend of the Seven Stars Orbison
0%
Super Mario RPG: The Legend of the Seven Stars Orb User
0%
Mario Kart World Ostrich
0%
Super Mario Bros. 2 Ostro
0%
Donkey Kong (Game Boy) Otto
0%
Mario & Luigi: Superstar Saga Oucher Glass
0%
Super Mario Bros. Wonder Outmaway
0%
Luigi's Mansion: Dark Moon Overset Possessor
0%
Donkey Kong 64 Oyster
0%
Wario Land: Super Mario Land 3 Paidan
0%
Donkey Kong Country: Tropical Freeze Painguin Tucks
0%
Yoshi Story Pak E. Derm
0%
All Night Nippon: Super Mario Bros. Pakkun OkaP
0%
Super Mario RPG: The Legend of the Seven Stars Pandorite
0%
Super Mario Bros. 2 Panser
0%
Luigi's Mansion 3 Pantogoob
0%
Donkey Kong Country: Tropical Freeze Papa Painguin
0%
Paper Mario: Sticker Star Paper-Cone Goomba
0%
Mario & Luigi: Paper Jam Papercraft Bowser
0%
Mario & Luigi: Paper Jam Papercraft Bowser Jr.
0%
Mario & Luigi: Paper Jam Papercraft Kamek
0%
Mario & Luigi: Paper Jam Papercraft King Boo
0%
Mario & Luigi: Paper Jam Papercraft Megacrinkle Goomba
0%
Paper Mario: The Origami King Paper Macho Bob-omb
0%
Paper Mario: The Origami King Paper Macho Chain Chomp
0%
Paper Mario: The Origami King Paper Macho Goomba Outlaw
0%
Paper Mario: The Origami King Paper Macho Gooper Blooper
0%
Paper Mario: The Origami King Paper Macho Koopa Paratroopa
0%
Paper Mario: The Origami King Paper Macho Lava Bubble
0%
Paper Mario: The Origami King Paper Macho Mummy Goomba
0%
Paper Mario: The Origami King Paper Macho Piranha Plant
0%
Paper Mario: The Origami King Paper Macho Snifit Outlaw
0%
Paper Mario: The Origami King Paper Macho Spike Outlaw
0%
Paper Mario: The Origami King Paper Macho Stone Spike
0%
Paper Mario: The Origami King Paper Mistake Buzzy Beetle
0%
Mario & Luigi: Paper Jam Paper Petey Piranha
0%
Super Mario Bros. 3 Parabeetle
0%
Super Mario World Parachute Galoomba
0%
Super Mario World Paragaloomba
0%
Mario & Luigi: Brothership Parashoot
0%
Super Paper Mario PatrolMeow
0%
Hotel Mario Pat the Bat
0%
Donkey Kong Jungle Beat Pea Frog
0%
Donkey Kong Jungle Beat Pea Jelly Fish
0%
Wario Land: Super Mario Land 3 Pecan
0%
Wario Land: Shake It! Peek-a-Boom
0%
Donkey Kong Bananza Peekaboopoid
0%
Donkey Kong Bananza Peekabruiser
0%
Yoshi Story Peeper
0%
Yoshi's Woolly World Peeply
0%
Super Mario Galaxy 2 Peewee Piranha
0%
Mario & Luigi: Dream Team Pelicrump
0%
Mario & Luigi: Bowser's Inside Story Pendril
0%
Donkey Kong Country: Tropical Freeze Pengatcha 1-go
0%
Wario Land: Shake It! Pengoon
0%
Wario Land: Super Mario Land 3 Penkoon
0%
Hotel Mario Penny
0%
Donkey Kong (Game Boy) Penpen
0%
Wario Land 3 Pesce
0%
Mario & Luigi: Superstar Saga Pestnut
0%
Super Mario World 2: Yoshi's Island Petal Guy
0%
Wario Land 4 Petbottom
0%
Paper Mario Petit Piranha
0%
Yoshi's Woolly World Pharoah Guy
0%
Super Mario Bros. 2 Pidgit
0%
Mario & Wario Pidgit Jr.
0%
Wario World Pigeon
0%
Wario Land 4 Pig Head Statue
0%
Donkey Kong Jungle Beat Pig Poppo
0%
Mario & Luigi: Dream Team Pi'illodactyl
0%
Mario & Luigi: Dream Team Pi'illodactyl R
0%
Mario & Luigi: Dream Team Pi'illodium
0%
Mario & Luigi: Dream Team Pi'illodium X
0%
Wario Land: Super Mario Land 3 Pikkarikun
0%
Super Mario Land 2: Six Golden Coins Pikku
0%
Super Mario Bros. 3 Pile Driver Micro-Goomba
0%
Yoshi's Crafted World Pinecone
0%
Super Mario Galaxy 2 Pinhead
0%
Luigi's Mansion Pink Flying Fish
0%
Super Mario RPG: The Legend of the Seven Stars | Wario Land: Super Mario Land 3 Pinwheel
0%
Super Mario Land Pionpi
0%
Mario + Rabbids: Kingdom Battle Pirabbid Plant
0%
Mario & Luigi: Superstar Saga Piranha Bean
0%
Super Mario Sunshine Piranhabon
0%
Super Mario 3D World Piranha Creeper
0%
Yoshi Story Piranha Pest
0%
Mario & Luigi: Partners in Time Piranha Planet
0%
Mario & Luigi: Bowser's Inside Story Piranha Plorp
0%
New. Super Mario Bros. U Piranha Pod
0%
Captain Toad: Treasure Tracker | Yoshi Story Piranha Sprout
0%
Wario Land: Super Mario Land 3 Pirate Goom
0%
Super Mario World 2: Yoshi's Island Piscatory Pete
0%
Wario Land: Shake It! Pitchfork
0%
Mario Kart: Double Dash!! Pit Plant
0%
Virtual Boy Wario Land Plant Chomper
0%
Wario Land: Shake It! Plunger
0%
Super Mario Sunshine Plurp
0%
Wario Land 3 Pneumo
0%
Mario Kart Wii Podoboo Cog
0%
Yoshi Story Pogo Guys
0%
Super Mario Sunshine Poink
0%
Yoshi's Island DS Pointey
0%
Donkey Kong Country: Tropical Freeze Pointy Tucks
0%
Super Mario Run Poison Bubble
0%
Paper Mario Pokey Mummy
0%
Super Mario Galaxy Pokeynut
0%
Super Mario Galaxy Pokeyplant
0%
Super Mario Sunshine Pokey Pod
0%
Yoshi's Woolly World Pokey Pom
0%
Virtual Boy Wario Land Pollen Plant
0%
Luigi's Mansion: Dark Moon Poltergeist
0%
Mario vs. Donkey Polterguy
0%
Yoshi's Island DS Polterpiranha
0%
Super Mario Land Pompon Flower
0%
Donkey Kong Country: Tropical Freeze Pompy
0%
Wario: Master Of Disguise Poobah The Pharoah
0%
Donkey Kong Country: Tropical Freeze Porcupal
0%
Super Mario Bros. 2 Porcupo
0%
Super Mario Land 2: Six Golden Coins Poro
0%
Luigi's Mansion 3 Possessed Bin
0%
Super Mario World 2: Yoshi's Island Potted Spiked Fun Guy
0%
Wario Land: Super Mario Land 3 Pouncer
0%
Super Mario RPG: The Legend of the Seven Stars Pounder
0%
Super Mario RPG: The Legend of the Seven Stars Poundette
0%
Mario & Luigi: Bowser's Inside Story POW Pep
0%
Super Mario World 2: Yoshi's Island Preying Manta
0%
New Super Mario Bros. Wii Prickly Goomba
0%
Luigi's Mansion: Dark Moon Primordial Goo
0%
Super Mario 3D World Prince Bully
0%
Mario & Luigi: Partners in Time Princess Shroob
0%
Yoshi's Island DS Priscilla The Peckish
0%
Super Mario RPG: The Legend of the Seven Stars Pro Goomba
0%
Super Mario 3D Land Prongo
0%
Yoshi Touch & Go Propeller Mucho
0%
Super Mario World 2: Yoshi's Island Propeller Piranha
0%
Mario & Luigi: Dream Team Propellion
0%
Mario & Luigi: Bowser's Inside Story Protobatter
0%
Mario + Rabbids: Sparks of Hope Proto Mecha King Bob-omb
0%
Super Mario Sunshine Proto Piranha
0%
Super Mario Bros. 3 Ptooie
0%
Super Mario World 2: Yoshi's Island Puchipuchi L
0%
Super Mario World 2: Yoshi's Island Puff-Ball
0%
Donkey Kong Country: Tropical Freeze Puffton
0%
Donkey Kong Country: Tropical Freeze Pufftup
0%
Wario: Master Of Disguise Puffy The Dolphin
0%
Donkey Kong 64 Puftoss
0%
Donkey Kong Country 2: Diddy's Kong Quest Puftup
0%
Super Mario RPG: The Legend of the Seven Stars Pulsar
0%
Super Mario Galaxy Pumpkinhead Goomba
0%
Donkey Kong Country: Tropical Freeze Punch Piranha
0%
Donkey Kong Country: Tropical Freeze Punchy Paddy
0%
Yoshi's New Island Punkey The Pokey Prince
0%
Super Mario RPG: The Legend of the Seven Stars Puppox
0%
Super Mario Bros. Wonder Purple Bloomp
0%
Luigi's Mansion Purple Bomber
0%
Super Mario Sunshine Purple Bullet Bill
0%
Super Mario Odyssey Purple Cheep Cheep
0%
Super Mario Bros. Wonder Purple Gamboo
0%
Luigi's Mansion Purple Puncher
0%
Super Mario Bros. Wonder Purple Sugarstar
0%
Super Mario Bros. Wonder Purple Trompette
0%
Dr. Mario World Purple Virus
0%
Princess Peach: Showtime! Purrjector Cat
0%
Donkey Kong (Game Boy) Purupuru
0%
Wario: Master Of Disguise Pushy Cat
0%
Mario & Luigi: Bowser's Inside Story Pwallop
0%
Mario & Luigi: Superstar Saga Queen Bean
0%
Super Mario Bros. Wonder Raargh
0%
Mario + Rabbids: Kingdom Battle Rabbid Kong
0%
Super Mario Bros. Wonder Racing Wiggler
0%
Super Mario Land 2: Six Golden Coins Ragumo
0%
Wario: Master Of Disguise Ramenses II
0%
Mario vs. Donkey RamRam
0%
Super Mario World 2: Yoshi's Island Raphael the Raven
0%
Donkey Kong (Game Boy) Rappy
0%
Wario: Master Of Disguise Ratfael
0%
Super Mario RPG: The Legend of the Seven Stars Rat Funk
0%
Super Mario World 2: Yoshi's Island Raven
0%
Super Mario World 2: Yoshi's Island Raven Chick
0%
Super Paper Mario Rawbus
0%
Mario & Luigi: Partners in Time RC Shroober
0%
Wario Land: Shake It! Recapitator
0%
Mario & Luigi: Brothership Reclusiff
0%
Super Mario World 2: Yoshi's Island Red Blargg
0%
Paper Mario: The Thousand Year Door Red Bones
0%
Wario World Red-Brief J
0%
Mario & Luigi: Partners in Time Red Coconutter
0%
New. Super Mario Bros. U Red Dragoneel
0%
Super Mario Sunshine Red Electro Koopa
0%
Luigi's Mansion Red Grabbing Ghost
0%
Mario & Luigi: Bowser's Inside Story Red Nooz
0%
Super Mario Bros. Wonder Red Pokipede
0%
Luigi's Mansion 3 Regen Goob
0%
Luigi's Mansion 3 Regen Hammer
0%
Luigi's Mansion 3 Regen Slinker
0%
Donkey Kong Country 3: Dixie Kong's Double Trouble Re-Koil
0%
Super Mario World 2: Yoshi's Island Relay Heiho
0%
Super Mario RPG: The Legend of the Seven Stars Remo Con
0%
Donkey Kong Country Returns Rentamaguma
0%
Donkey Kong Bananza Repeekabruiser
0%
Super Mario Land 2: Six Golden Coins Rerere
0%
Donkey Kong 64 Resident Demon
0%
Hotel Mario Rhinestone Goomba
0%
Yoshi's Crafted World Rhinono
0%
Super Mario RPG: The Legend of the Seven Stars Ribbite
0%
Super Mario Bros. Wonder Rift Koopa
0%
Super Mario Bros. Wonder Rift Mario
0%
Wario Land 4 Ringosuki
0%
Mario & Luigi: Brothership Ring Zok Trooper
0%
Mario + Rabbids: Sparks of Hope Riptide
0%
Super Mario World Rip Van Fish
0%
New Super Mario Bros. Wii River Piranha Plant
0%
Super Mario Bros. Wonder Robbird
0%
Donkey Kong Country Returns Robobee
0%
Wario Land 4 Robobird
0%
Mario Kart World Robo DK
0%
Mario & Luigi: Dream Team Robo-Drilldigger
0%
Mario & Luigi: Dream Team Robo-Drilldigger X
0%
Mario vs. Donkey Robo Kikki
0%
Donkey Kong 64 Robokremling
0%
Mario Kart Arcade GP Robo-Mario
0%
Super Mario RPG: The Legend of the Seven Stars Rob-omb
0%
Wario Land 3 Robo-Mouse
0%
Donkey Kong (Game Boy) Robo NO.1
0%
Wario: Master Of Disguise Robo-Urchin
0%
Yoshi's Island DS Rocket Guy
0%
Donkey Kong Jungle Beat Rogue-Hog
0%
Super Mario Land Roketon
0%
Donkey Kong (Game Boy) Rokkun
0%
Super Mario Bros. Wonder Rolla Koopa
0%
Wario Land: Shake It! Rollanratl
0%
Paper Mario: Colour Splash Roller Guy
0%
Donkey Kong Jungle Beat Rolling Frog
0%
Wario: Master Of Disguise Rolltergeist
0%
Donkey Kong Bananza Rolluskoid
0%
Wario Land II Rooster
0%
Super Mario Bros. Wonder Rrrumba
0%
Wario Land 3 Rudy
0%
Yoshi's Woolly World Ruffin' Tumble
0%
Yoshi's Woolly World Ruffin' Tumble Patch
0%
Yoshi's Crafted World Rush Heyho
0%
Super Mario RPG: The Legend of the Seven Stars Sackit
0%
Mario Golf: Super Rush Sacred Flamebeast
0%
Super Princess Peach Sad Cheep Cheep
0%
Super Princess Peach Sad Dry Bones
0%
Super Princess Peach Sad Goomba
0%
Super Princess Peach Sad Nipper Plant
0%
Super Princess Peach Sad Paragoomba
0%
Super Princess Peach Sad Raven
0%
Super Princess Peach Sad Rex
0%
Super Princess Peach Sad Spiny
0%
Donkey Kong (Game Boy) Sairesu
0%
Super Mario World 2: Yoshi's Island Salvo the Slime
0%
Mario & Luigi: Superstar Saga Sand Cheep
0%
Super Mario 3D Land Sandmaargh
0%
Mario & Luigi: Dream Team Sandoon
0%
Wario World Sandworm
0%
Mario + Rabbids: Kingdom Battle Sandy
0%
Wario: Master Of Disguise Sarcopha Guy
0%
DK: King Of Swing Sassy Squatch
0%
Mario & Luigi: Superstar Saga Scaratroopea
0%
Paper Mario: Colour Splash Scaredy Rat 10-Stack
0%
Wario: Master Of Disguise Scare-Oh!
0%
Wario Land: Shake It! Scarracuda
0%
Super Mario Bros. 3 Scattering Blooper
0%
Donkey Kong Country: Tropical Freeze Schnautzel
0%
Mario + Rabbids: Sparks of Hope Scoper
0%
Yoshi's Island DS Scorchit
0%
Wario's Woods Scram
0%
Donkey Kong Country Returns Screaming Pillar
0%
Donkey Kong Jungle Beat Scruff Roc
0%
Donkey Kong 64 Scubi
0%
Donkey Kong Country Returns Scurvy Crew
0%
Yoshi Story Sea Anemone
0%
Donkey Kong Jungle Beat Sea Bat
0%
Yoshi Story Sea Cactus
0%
Yoshi's Safari Sea Devil
0%
Mario & Luigi: Bowser's Inside Story Sea Pipe Statue
0%
Wario: Master Of Disguise Seargent Houndstooth
0%
Mario + Rabbids: Sparks of Hope Sea Stooge
0%
Donkey Kong Jungle Beat Sea Turtle
0%
Wario: Master Of Disguise Seed Weed
0%
Super Mario Sunshine Seedy Pod
0%
Super Mario Bros. Wonder Seeker Bullet Bill
0%
Wario's Woods Seizer
0%
Yoshi Story Sensuikan Heiho
0%
Super Mario Galaxy Sentry Garage
0%
Luigi's Mansion 3 Serpci
0%
Super Mario Bros. Wonder Serpont
0%
Super Mario Land 2: Six Golden Coins Sewer Rat
0%
Wario Land: Shake It! Shake King
0%
Mario & Luigi: Superstar Saga Sharpea
0%
Mario Bros. Shellcreeper
0%
Yoshi's Woolly World Shell Patch
0%
Mario + Rabbids: Kingdom Battle Sherbert Buckler
0%
Mario + Rabbids: Kingdom Battle Sherbert Hopper
0%
Mario + Rabbids: Kingdom Battle Sherbert Smasher
0%
Mario + Rabbids: Kingdom Battle Sherbert Supporter
0%
Mario + Rabbids: Kingdom Battle Sherbert Ziggy
0%
Super Mario Odyssey Sherm
0%
Wario Land 4 Shieragutchi
0%
Paper Mario: Sticker Star Shiny Bob-omb
0%
Paper Mario: Sticker Star Shiny Buzzy Beetle
0%
Paper Mario: Sticker Star Shiny-Cone Goomba
0%
Paper Mario: Sticker Star Shiny Paragoomba
0%
Paper Mario: Sticker Star Shiny Paratroopa
0%
Luigi's Mansion Shivers
0%
Super Paper Mario Shlorp
0%
Super Paper Mario Shlurb
0%
Mario + Rabbids: Sparks of Hope Shockin' Golem
0%
Super Mario RPG: The Legend of the Seven Stars Shogun
0%
Yoshi's Crafted World Shogun of Skewers
0%
Super Mario Bros. Wonder Shoomp
0%
Wario Land 3 Shoot
0%
Donkey Kong Country Returns Shooting Chomp
0%
Wario Land: Shake It! Shortfuse
0%
Mario & Luigi: Brothership Shower Fish
0%
Luigi's Mansion: Dark Moon Shrewd Possessor
0%
Mario & Luigi: Partners in Time Shroid
0%
Mario & Luigi: Partners in Time Shrooba Diver
0%
Mario & Luigi: Partners in Time Shrooblet
0%
Mario & Luigi: Partners in Time Shrooboid
0%
Mario & Luigi: Partners in Time Shroob-omb
0%
Mario & Luigi: Partners in Time Shroob Rex
0%
Mario & Luigi: Partners in Time Shroobsworth
0%
Donkey Kong Country 2: Diddy's Kong Quest Shuri
0%
Paper Mario: Colour Splash Shy Guy 4-Stack
0%
Paper Mario: Colour Splash Shy Guy 5-Stack
0%
Mario Kart: Super Circuit Shy Guy Galleon
0%
Super Mario RPG: The Legend of the Seven Stars Shyper
0%
Super Mario RPG: The Legend of the Seven Stars Shy Ranger
0%
Paper Mario Shy Squad
0%
Mario Kart World Signal Bug
0%
Wario Land 3 Silky
0%
Wario World Silver Door Spirit
0%
Super Mario Bros. Wonder Silver Metal Gamboo
0%
Donkey Kong Bananza Sinister Blusterwing
0%
Donkey Kong 64 Sir Domino
0%
Wario: Master Of Disguise Sir Flap-A-Lot
0%
Luigi's Mansion 3 Sir Goob
0%
Wario: Master Of Disguise Sir Hop-A-Lot
0%
Wario: Master Of Disguise Sir Lance-A-Lot
0%
Donkey Kong (Game Boy) Sir Shovalot
0%
Wario: Master Of Disguise Sir Steal-A-Lot
0%
Luigi's Mansion Sir Weston
0%
Wario: Master Of Disguise Sir Worth-A-Lot
0%
Yoshi's Island DS Six-Face Sal
0%
Yoshi's Crafted World Skall Heyho
0%
Mario Kart: Double Dash!! Skating Shy Guy
0%
Super Mario Bros. Wonder Skedaddler
0%
Super Mario 64 Skeeter
0%
Luigi's Mansion 3 Skelegoob
0%
Yoshi's Crafted World Skelesaurus
0%
Wario World Skeletal Ankiron
0%
Donkey Kong (Game Boy) Skeleton
0%
Super Mario Land 2: Six Golden Coins Skeleton Bee
0%
Wario Land 4 Skeleton Bird
0%
Super Mario World 2: Yoshi's Island Skeleton Goonie
0%
Donkey Kong 64 Skeleton Kremling
0%
Donkey Kong Country Returns Skellirex
0%
Super Paper Mario Skellobomber
0%
Mario & Luigi: Partners in Time Skellokey
0%
Wario World Skelosaur
0%
Donkey Kong Country 3: Dixie Kong's Double Trouble Skidda
0%
Mario & Luigi: Dream Team Skipdrill
0%
Mario & Luigi: Dream Team Skipdrill R
0%
Super Mario 3D World Skipsqueak
0%
Donkey Kong Country Returns Skittler
0%
Donkey Kong Country: Tropical Freeze Skowl
0%
Donkey Kong Country Returns Skullyrex
0%
Super Mario Bros.: The Lost Levels Sky Blooper
0%
Luigi's Mansion 3 Slabhammer
0%
Wario: Master Of Disguise Slaughterfork
0%
Yoshi's New Island Slave Basa
0%
Wario World Sled Creature
0%
Donkey Kong Jungle Beat Sleep Pig Poppo
0%
Super Mario Sunshine Sleepy Boo
0%
Luigi's Mansion Slim Bankshot
0%
Super Mario World 2: Yoshi's Island Slime
0%
Super Mario RPG: The Legend of the Seven Stars Sling Shy
0%
Luigi's Mansion 3 Slinker
0%
Wario: Master Of Disguise Slithervine
0%
Yoshi Story Slug
0%
Super Mario World 2: Yoshi's Island Slugger
0%
Super Mario World 2: Yoshi's Island Sluggy
0%
Super Mario World 2: Yoshi's Island Sluggy the Unshaven
0%
Super Mario Bros. Wonder Sluglug
0%
Super Mario Galaxy Slurple
0%
Paper Mario: Colour Splash Slurp Snifit
0%
Super Mario Bros. Wonder Smackerel
0%
Paper Mario: Colour Splash Small Buzzy Beetle
0%
Paper Mario: Colour Splash Small Buzzy Beetle Gang
0%
Paper Mario: Colour Splash Small Cheep Cheep
0%
Super Mario Galaxy Small Chomp
0%
Super Mario 3D Land Small Cosmic Clone
0%
Mario & Luigi: Bowser's Inside Story Small Durmite
0%
Mario & Luigi: Bowser's Inside Story Small Durmite X
0%
Paper Mario: Colour Splash Small Goomba Gang
0%
Paper Mario: Colour Splash Small Goomba Wheel
0%
Paper Mario: Colour Splash Small Hammer Bro
0%
Super Paper Mario Small Sammer Guy
0%
Mario & Luigi: Bowser's Inside Story Small Scutlet
0%
New Super Mario Bros. 2 Small Urchin
0%
Super Mario Galaxy 2 Smeech
0%
Super Mario RPG: The Legend of the Seven Stars Smelter
0%
Super Mario RPG: The Legend of the Seven Stars Smilax
0%
Super Mario Bros. Wonder Smogrin
0%
Diddy Kong Racing Smokey
0%
Super Mario Sunshine Smolderin' Stu
0%
Yoshi's Woolly World Smooch Spider
0%
Wario: Master Of Disguise Snackeral
0%
Donkey Kong Country Returns Snaggles
0%
Yoshi's Woolly World Snag-Stitch
0%
Wario World Snake Charmer
0%
Yoshi's Crafted World Snakey
0%
Super Mario RPG: The Legend of the Seven Stars Snapdragon
0%
Donkey Kong Country Returns Snaps
0%
Luigi's Mansion: Dark Moon Sneaker
0%
Mario & Luigi: Bowser's Inside Story Sneed
0%
Donkey Kong Country 3: Dixie Kong's Double Trouble Sneek
0%
Mario & Luigi: Partners in Time Snifaro
0%
Yoshi's Woolly World Snifbert the Unfeeling
0%
Yoshi's Woolly World Snoot
0%
Super Mario Bros. Wonder Snootle
0%
Super Mario Sunshine Snooza Koopa
0%
Mario & Luigi: Partners in Time Snoozorb
0%
Yoshi Story Snorkel Snake
0%
Super Mario Bros. Wonder Snortoise
0%
Mario Kart Wii Snowboarding Shy Guy
0%
Wario World Snow Bomber
0%
Wario: Master Of Disguise Snow Globe
0%
Yoshi Story Snow Guy
0%
Donkey Kong Jungle Beat Snow Mole
0%
Super Mario 3D World Snow Pokey
0%
Super Mario 64 Snufit
0%
Donkey Kong Country: Tropical Freeze Soary
0%
Mario & Luigi: Bowser's Inside Story Sockop
0%
Paper Mario: Colour Splash Soggy Guy
0%
Paper Mario: Sticker Star Sombrero Guy
0%
Mario & Luigi: Brothership Soreboar
0%
Mario & Luigi: Dream Team Sorrow Fist
0%
Mario & Luigi: Partners in Time Soul Bubble
0%
Princess Peach: Showtime! Sour Bunch
0%
Donkey Kong Country: Tropical Freeze Sour Dodo
0%
Princess Peach: Showtime! Sour Thieves
0%
Super Mario Galaxy Spangler
0%
Wario Land 3 Spear-bot
0%
Super Mario RPG: The Legend of the Seven Stars Speardovich
0%
Wario Land 3 Spearhead
0%
Wario Land 4 Spear-Mask
0%
Luigi's Mansion 3 Speed Goob
0%
Luigi's Mansion 3 Speed Hammer
0%
Luigi's Mansion 3 Speed Oozer
0%
Mario & Luigi: Bowser's Inside Story SPEED Pep
0%
Luigi's Mansion Speedy Spirit
0%
Donkey Kong Country: Tropical Freeze Speedy Tucks
0%
Donkey Kong Country: Tropical Freeze Speedy Tuff Tucks
0%
Mario + Rabbids: Sparks of Hope Spellraiser
0%
Wario: Master Of Disguise Sphinx
0%
Wario: Master Of Disguise Sphinx Jr.
0%
Wario World Spideraticus
0%
New Super Mario Bros. Spike Bass
0%
Mario & Luigi: Bowser's Inside Story Spike Blop
0%
Super Mario World 2: Yoshi's Island Spiked Fun Guy
0%
Wario Land: Super Mario Land 3 Spiked Koopa
0%
Yoshi Story Spiked Stone
0%
Super Mario 3D Land Spike Eel
0%
Mario & Luigi: Brothership Spikely
0%
Paper Mario: Colour Splash Spike Snifit
0%
Super Mario RPG: The Legend of the Seven Stars Spikester
0%
Yoshi's Crafted World Spike The Piranha
0%
Mario & Luigi: Brothership Spike Zok Trooper
0%
Super Mario Galaxy 2 Spiky Gummit
0%
Super Paper Mario Spiky Skellobait
0%
Mario & Luigi: Superstar Saga Spiky Snifit
0%
Super Paper Mario Spiky Tromp
0%
Wario Land: Shake It! Spinbat
0%
Super Mario Galaxy 2 Spindlebrr
0%
Super Mario 64 Spindrift
0%
Super Mario Galaxy 2 Spinecone
0%
Donkey Kong Jungle Beat Spined Puffer
0%
Super Mario RPG: The Legend of the Seven Stars Spinthra
0%
Super Mario Bros. 3 Spiny Cheep Cheep
0%
Mario & Luigi: Dream Team Spiny R
0%
Mario & Luigi: Partners in Time Spiny Shroopa
0%
Super Mario 3D World Spiny Skipsqueak
0%
Super Paper Mario Spiny Tromp
0%
Super Mario 3D World Splorch
0%
Super Mario 3D World Splounder
0%
New Super Mario Bros. Splunkin
0%
Wario Land 4 Spoiled Rotten
0%
Super Mario Galaxy Spoing
0%
Wario's Woods Spook
0%
Super Mario RPG: The Legend of the Seven Stars Spookum
0%
Luigi's Mansion | Super Mario World 2: Yoshi's Island Spooky
0%
Mario + Rabbids: Kingdom Battle Spooky Buckler
0%
Mario + Rabbids: Kingdom Battle Spooky Hopper
0%
Mario + Rabbids: Kingdom Battle Spooky Peek-a-Boo
0%
Mario + Rabbids: Kingdom Battle Spooky Smasher
0%
Mario + Rabbids: Kingdom Battle Spooky Supporter
0%
Mario + Rabbids: Kingdom Battle Spooky Valkyrie
0%
Mario + Rabbids: Kingdom Battle Spooky Ziggy
0%
Wario: Master Of Disguise Spoonatic
0%
Princess Peach: Showtime! Spotlion
0%
Super Mario World 2: Yoshi's Island Spray Fish
0%
Super Mario RPG: The Legend of the Seven Stars Springer
0%
Super Mario Galaxy Spring Vault
0%
Mario & Luigi: Dream Team Spritzbloom
0%
Super Mario Bros. Wonder Sproing
0%
Super Paper Mario Sproing-Oing
0%
Wario's Woods Spud
0%
Super Paper Mario Spuog
0%
Wario: Master Of Disguise Squabble
0%
Mario + Rabbids: Sparks of Hope Squasher
0%
Mario + Rabbids: Sparks of Hope Squashette
0%
Wario's Woods Squeak
0%
Donkey Kong Country Returns Squeekly
0%
Donkey Kong Bananza Squeeloid
0%
Donkey Kong Country Returns Squiddicus
0%
Donkey Kong Country Squidge
0%
Donkey Kong Country Returns Squidly
0%
Donkey Kong Country Returns Squid Shot
0%
Super Paper Mario Squiglet
0%
Donkey Kong Country 3: Dixie Kong's Double Trouble Squirt
0%
Super Mario Odyssey Stairface Ogre
0%
New Super Mario Bros. Wii Stalking Piranha Plant
0%
Wario: Master Of Disguise Stankulus
0%
Super Mario RPG: The Legend of the Seven Stars Star Cruster
0%
Mario & Luigi: Superstar Saga Starkiss
0%
Super Mario RPG: The Legend of the Seven Stars Starslap
0%
Super Mario Kart Star Thwomp
0%
Luigi's Mansion: Dark Moon Statue Armour Ghost
0%
Paper Mario: Colour Splash Steak
0%
Luigi's Mansion 3 Steward
0%
Donkey Kong Jungle Beat Stinga
0%
Super Mario RPG: The Legend of the Seven Stars Stinger
0%
Donkey Kong Country: Tropical Freeze Sting Tentacle
0%
Donkey Kong Bananza Stompenclomper
0%
Super Mario RPG: The Legend of the Seven Stars Stompillar
0%
Donkey Kong Bananza Stompoid
0%
Mario & Luigi: Bowser's Inside Story Stone Blooper
0%
Paper Mario Stone Chomp
0%
Wario World Stone-Cold Statue
0%
Mario + Rabbids: Sparks of Hope Stone Mask
0%
Mario & Luigi: Bowser's Inside Story Stonk
0%
Mario + Rabbids: Sparks of Hope Stooge
0%
Mario & Luigi: Dream Team Storch
0%
Super Mario RPG: The Legend of the Seven Stars Straw Head
0%
Super Mario Bros. 3 Stretch
0%
Super Mario World 2: Yoshi's Island Stretched Shy Guy
0%
Luigi's Mansion: Dark Moon Strong Gobber
0%
Luigi's Mansion: Dark Moon Strong Greenie
0%
Luigi's Mansion: Dark Moon Strong Hider
0%
Luigi's Mansion: Dark Moon Strong Poltergeist
0%
Luigi's Mansion: Dark Moon Strong Slammer
0%
Luigi's Mansion: Dark Moon Strong Sneaker
0%
Wario World Stuffed Ankiron
0%
Wario: Master Of Disguise Stuffy the 5th
0%
Wario: Master Of Disguise Stuffy The 64th
0%
Captain Toad: Treasure Tracker Stumper
0%
Luigi's Mansion Sue Pea
0%
Donkey Kong (Game Boy) Sukopi
0%
Donkey Kong Jungle Beat Sumo Kong
0%
Mario & Luigi: Partners in Time Sunnycide
0%
Donkey Kong 3 Super Bee
0%
Yoshi's Island DS Super Big Tap-Tap
0%
Mario & Luigi: Bowser's Inside Story Super Peach's Castle of Fury
0%
Mario & Luigi: Partners in Time Support Shroob
0%
Super Mario Land 2: Six Golden Coins Sutazu
0%
Super Mario Land Suu
0%
Luigi's Mansion 3 Swabbie Goob
0%
Super Mario Galaxy 2 Swaphopper
0%
Super Mario Sunshine Swipin' Stu
0%
Donkey Kong Land Swirlwind
0%
Super Mario Bros. Wonder Swirlypod
0%
Donkey Kong Country: Tropical Freeze Swooper Dooper
0%
Donkey Kong Country 3: Dixie Kong's Double Trouble Swoopy
0%
Wario World Swordfish
0%
Mario & Luigi: Superstar Saga Sworm
0%
Super Mario 3D Land Tail Bob-omb
0%
Super Mario 3D Land Tail Boo
0%
Super Mario Bros. Wonder Taily
0%
Yoshi's Crafted World Takko
0%
Super Princess Peach Tamago
0%
Super Mario Land Tamao
0%
Super Mario Land 2: Six Golden Coins Tamara
0%
Mario vs. Donkey Tane Pakkun
0%
Super Mario World 2: Yoshi's Island Tap-Tap
0%
Super Mario World 2: Yoshi's Island Tap-Tap the Golden
0%
Super Mario World 2: Yoshi's Island Tap-Tap the Red-Nose
0%
Donkey Kong Jungle Beat Tar Fish
0%
Donkey Kong Jungle Beat Tar Man
0%
Mario & Luigi: Partners in Time Tashrooba
0%
Super Mario Land Tatanga
0%
Wario Land 4 Teddy Bear
0%
Yoshi Story Tehee Butterfly
0%
Luigi's Mansion Temper Terror
0%
Mario & Luigi: Bowser's Inside Story Tenderling
0%
Super Mario RPG: The Legend of the Seven Stars Terra Cotta
0%
Wario World Terrible Portrait
0%
Luigi's Mansion: Dark Moon Terrible Teleporter
0%
Wario: Master Of Disguise Terrormisu
0%
Wario Land 3 Teruteru
0%
Yoshi's New Island Tetu Kantera
0%
Super Mario RPG: The Legend of the Seven Stars The Blade
0%
Luigi's Mansion: Dark Moon The Brain
0%
Luigi's Mansion The Floating Whirlindas
0%
Paper Mario: The Thousand Year Door The Iron Adonis Twins
0%
Wario World The Mean Emcee
0%
Luigi's Mansion: Dark Moon The Three Sisters
0%
Luigi's Mansion 3 Thieving Slinker
0%
Mario & Luigi: Dream Team Thorb
0%
Virtual Boy Wario Land Thorn-Ball
0%
Virtual Boy Wario Land Thorn Rocket
0%
Wario: Master Of Disguise Thorn Weed
0%
Mario Clash Thorny
0%
Virtual Boy Wario Land Thorny Fish
0%
Super Mario RPG: The Legend of the Seven Stars Throper
0%
Donkey Kong Country: Tropical Freeze Thug Slug
0%
Super Mario World 2: Yoshi's Island Thunder Lakitu
0%
Donkey Kong Jungle Beat Thunder Roc
0%
Mario & Luigi: Dream Team Thunder Sass
0%
Mario & Luigi: Partners in Time Thwack
0%
Mario & Luigi: Partners in Time Thwack Totem
0%
Mario & Luigi: Dream Team Ticksquawk
0%
Mario + Rabbids: Sparks of Hope Tidal Golem
0%
Donkey Kong Country Returns Tiki Boing
0%
Donkey Kong Country Returns Tiki Bomber
0%
Donkey Kong Country Returns Tiki Fireball
0%
Donkey Kong Country Returns Tiki Pilot
0%
Donkey Kong Country Returns Tiki Pop
0%
Donkey Kong Country Returns Tiki Seeker
0%
Donkey Kong Country Returns Tiki Tork
0%
Donkey Kong Country Returns Tiki Zing
0%
Yoshi's Crafted World Tin-Can Condor
0%
Wario Land 4 Tobawani
0%
Wario Land II Tobi
0%
Donkey Kong (Game Boy) Tododesu
0%
Wario Land 3 Togeba
0%
Wario Land: Super Mario Land 3 Togemaru
0%
Wario Land 4 Togemasuku
0%
Wario Land II Togemen
0%
Wario Land 4 Togenobi
0%
Wario Land 4 Togerobo
0%
Wario Land 3 Togeuo
0%
Super Mario Land Tokotoko
0%
Mario & Luigi: Superstar Saga Tolstar
0%
Donkey Kong 64 Tomato
0%
Yoshi's Island DS Toober Guy
0%
Donkey Kong Country Returns Toothberry
0%
Mario & Luigi: Bowser's Inside Story Toothy
0%
Wario: Master Of Disguise Tooty Kamen
0%
Donkey Kong Jungle Beat Torch Tusk
0%
Super Mario Land Torion
0%
Super Mario Odyssey Torkdrift
0%
Mario & Luigi: Dream Team Torkscrew
0%
Mario & Luigi: Dream Team Torkscrew X
0%
Virtual Boy Wario Land Torny
0%
Super Mario RPG: The Legend of the Seven Stars Torte
0%
Super Mario Land 2: Six Golden Coins Tosenbo
0%
Wario Land 4 Totsumen
0%
Donkey Kong Country: Tropical Freeze Toucan't
0%
Luigi's Mansion: Dark Moon Tough Possessor
0%
Mario & Luigi: Bowser's Inside Story Tower Of Yikk
0%
Super Mario 64 Tox Box
0%
Wario Land 4 Toy Car
0%
Donkey Kong 64 Toy Monster
0%
Super Mario Galaxy Tracks
0%
Donkey Kong Bananza Trailfinoid
0%
Super Mario World 2: Yoshi's Island Train Bandit
0%
Paper Mario: Colour Splash Trampoline Shy Guys
0%
Donkey Kong Bananza Trapantuloid
0%
Super Mario Galaxy 2 Trapdragon
0%
Super Mario Odyssey Trapeetle
0%
Luigi's Mansion 3 Trapper
0%
Mario & Luigi: Bowser's Inside Story Trashure
0%
Mario Kart World Treaded Grrrol
0%
Luigi's Mansion 3 Treasure Chest Ghost
0%
Wario Land: Shake It! Treasure Chomp
0%
Wario: Master Of Disguise Treasure Pest
0%
Wario World Tree Freak
0%
Yoshi's New Island Tree Guy
0%
Mario & Luigi: Bowser's Inside Story Treevil
0%
Donkey Kong Country: Tropical Freeze Trench Tucks
0%
Mario Kart World Triceratops
0%
Diddy Kong Racing Tricky
0%
Super Mario Odyssey Tropical Wiggler
0%
Super Mario Bros. Wonder Trottin' Bone Piranha Plant
0%
Super Mario Bros. Wonder Trottin' Piranha Plant
0%
Super Mario Bros. 2 Trouter
0%
Mario & Luigi: Superstar Saga Trunkie
0%
Mario & Wario Tsubon
0%
Wario Land II Tsuriuo
0%
Donkey Kong (Game Boy) Tsutan'omen
0%
Wario Land: Shake It! Tub-Sub
0%
Donkey Kong Country: Tropical Freeze Tucks
0%
Donkey Kong Country: Tropical Freeze Tuff Fluff
0%
Donkey Kong Country: Tropical Freeze Tuffton
0%
Donkey Kong Country: Tropical Freeze Tuff Tucks
0%
Wario World Tulipatooie
0%
Wario Land: Shake It! Turkeyjerk
0%
Donkey Kong Jungle Beat Turret Tusk
0%
Luigi's Mansion 3 Tutankhammer
0%
Paper Mario Tweester
0%
Super Mario Bros. 2 Tweeter
0%
Super Mario 3D World Ty-Foo
0%
Luigi's Mansion 3 Ug
0%
Super Mario World 2: Yoshi's Island Ukiki
0%
Wario Land: Super Mario Land 3 Ukiwani
0%
Luigi's Mansion Uncle Grimmly
0%
Super Mario Land 2: Six Golden Coins Unera
0%
Super Mario Land 2: Six Golden Coins Unibo
0%
Paper Mario: Colour Splash Unicycle Shy Guys
0%
Wario World Unithorn
0%
Super Mario World Unshelled Koopa
0%
Super Mario Odyssey Urban Stingby
0%
Wario Land 4 Utsuboanko
0%
Wario Land II Utsutsubo
0%
Mario & Luigi: Bowser's Inside Story Vaccuum Helmet
0%
Yoshi's Crafted World Vampire Heyho
0%
Virtual Boy Wario Land Vase
0%
Virtual Boy Wario Land Vase-Based
0%
Wario Land: Shake It! Venus Guytrap
0%
Donkey Kong Country: Tropical Freeze Venus Trap Platform
0%
Luigi's Mansion Vincent Van Gore
0%
Donkey Kong 3 Vine Eater
0%
Yoshi Story Vine Slime
0%
Wario Land: Shake It! Volcannon
0%
Super Mario World Volcano Lotus
0%
Super Mario RPG: The Legend of the Seven Stars Vomer
0%
Donkey Kong Country Returns Wacky Pipes
0%
Luigi's Mansion Waiter
0%
Donkey Kong Country: Tropical Freeze Walbrick
0%
Donkey Kong Country: Tropical Freeze Waldough
0%
Mario & Luigi: Dream Team Walker Guy
0%
Donkey Kong (Game Boy) Walking Block
0%
Mario Kart DS Walking Tree
0%
Super Mario 3D World Walleye
0%
Super Mario World 2: Yoshi's Island Wall Lakitu
0%
Super Mario 3D Land Wallop
0%
Donkey Kong Bananza Wallopoid
0%
Donkey Kong Country: Tropical Freeze Walnut
0%
Wario Land: Super Mario Land 3 Wanderin' Goom
0%
Super Paper Mario Warpid
0%
Luigi's Mansion 3 Warp Slinker
0%
Wario Land: Super Mario Land 3 Watch
0%
Super Mario Galaxy Water Bazooka
0%
Super Mario RPG: The Legend of the Seven Stars Water Crystal
0%
Luigi's Mansion Water Elemental Ghost
0%
Virtual Boy Wario Land Waterfall Climber
0%
Super Mario Galaxy Water Shooter
0%
Paper Mario: The Origami King Water Vellumental
0%
Wario Land 3 Webber
0%
Mario & Luigi: Brothership Weeping Trooper
0%
Mario Kart World Whamp
0%
Super Mario World 2: Yoshi's Island Whirly Fly Guy
0%
Paper Mario: Colour Splash Whistle Snifit
0%
Luigi's Mansion White Grabbing Ghost
0%
Wario Land: Super Mario Land 3 White Puff
0%
Super Mario Bros. Wonder Whohoo
0%
Super Mario RPG: The Legend of the Seven Stars Whuhoh
0%
Donkey Kong Country Returns Wigglevine
0%
Mario + Rabbids: Sparks of Hope Wildclaw
0%
Super Mario World 2: Yoshi's Island Wild Piranha
0%
Super Mario World 2: Yoshi's Island Wild Ptooie Piranha
0%
Donkey Kong Land Wild Sting
0%
Donkey Kong Country: Tropical Freeze Wild Wendell
0%
Yoshi's Island DS Windbag
0%
Super Mario RPG: The Legend of the Seven Stars Wind Crystal
0%
Wario World Wind Winder
0%
Wario World Winter Windster
0%
Mario & Luigi: Bowser's Inside Story Wisdurm
0%
Mario & Luigi: Bowser's Inside Story Wisdurm X
0%
Super Mario Land 2: Six Golden Coins | Wario World Witch
0%
Wario Land II Wizard
0%
Wario Land 3 Wolfenboss
0%
Super Mario Bros. Wonder Wonder Anglefish
0%
Super Mario Bros. Wonder Wonder Blewbird
0%
Super Mario Bros. Wonder Wonder Bloomp
0%
Super Mario Bros. Wonder Wonder Bulrush Herd
0%
Super Mario Bros. Wonder Wonder Gnawsher
0%
Super Mario Bros. Wonder Wonder Hoppycat
0%
Super Mario Bros. Wonder Wonder Konk
0%
Super Mario Bros. Wonder Wonder Missile Meg
0%
Super Mario Bros. Wonder Wonder Piranha
0%
Super Mario Bros. Wonder Wonder Smackerel
0%
Mario & Luigi: Partners in Time Wonder Thwack
0%
Yoshi's Woolly World Woollet Bill
0%
Super Mario World 2: Yoshi's Island Woozy Guy
0%
Wario Land 3 Wormwould
0%
Super Paper Mario Wrackle
0%
Mario vs. Donkey Wrench Shy Guy
0%
Super Mario Bros. Wonder Wubba
0%
Donkey Kong Country Returns Xylobone
0%
Wario Land: Super Mario Land 3 Yadora
0%
Yoshi's Crafted World Yarrctopus
0%
Donkey Kong Country Returns Yellow Chomp
0%
Super Mario Bros. Wonder Yellow Konk
0%
Donkey Kong Country Returns Yellow Snaggles
0%
Wario Land 4 Yeti
0%
Super Mario Odyssey Yoofoe
0%
Wario Land II Yukimaru
0%
Super Mario Land Yurarin
0%
Super Mario Land Yurarin Boo
0%
Super Mario Galaxy 2 Zap Nozzle
0%
Mario Kart World Zebra
0%
Mario & Luigi: Dream Team Zeekeeper
0%
Mario & Luigi: Dream Team Zeekeeper X
0%
Super Mario RPG: The Legend of the Seven Stars Zeostar
0%
Super Mario World 2: Yoshi's Island Zeus Guy
0%
Super Mario Bros. Wonder Zip-Zap
0%
Hotel Mario Z Koopa
0%
Super Paper Mario Zoing-Oing
0%
Mario & Luigi: Brothership Zokkarang Trooper
0%
Yoshi's Crafted World Zombie Debuho
0%
Yoshi's Crafted World Zombie Guy
0%
Wario World Zombie Magon
0%
Super Mario RPG: The Legend of the Seven Stars Zombone
0%
No matching quizzes found
Score Distribution
Percent of People with Each Score
Percentile by Number Answered
Your Score History
You have not taken this quiz